{"text_format":"3","workbook":"xls","n_sheets":2,"sheets":["生产桌椅柜","标识标牌"],"not_rendered":{"images":11,"external_links":1,"defined_names":1},"read":"whole","date_system":"1900","formulas":"cached_only"}

{"sheet":"生产桌椅柜","index":0,"n_rows":14,"n_cols":8,"rows_kept":14,"merged":[[0,0,0,7],[1,0,1,7],[2,0,2,5],[13,0,13,6]],"flags":["formulas_cached_only"]}
["茂名港集团有限公司"]
["茂名港长兴石化储运有限公司生产准备物资计划（化工仓储）"]
[" 　　　　         （办公座椅柜）"]
["序号","名   称","型  号  规  格","单位","本月申报量","备  注","单价","金额"]
[1,"办公椅","皮质；样式见附图","张",24,"库区中控室（6张）、业务大厅（10张）、库区消防控制室（6张）、污水处理场外操室（2张）",{"v":800,"d":"800.00"},{"v":19200,"d":"19200.00"}]
[2,"办公桌","实木板橡木色，长×宽×高=1.4m×0.6m×0.75m；带单边柜（三抽屉）","张",12,"业务大厅二楼部分办公室",{"v":2500,"d":"2500.00"},{"v":30000,"d":"30000.00"}]
[3,"办公桌","简易折叠办公桌，长×宽×高=1.0m×0.4m×0.75m，","张",3,"E10、E11、E112码头前沿值班室",{"v":300,"d":"300.00"},{"v":900,"d":"900.00"}]
[4,"会议桌","5.4m×2.0m×0.75m","张",1,"业务大厅二楼外操室用",{"v":6000,"d":"6000.00"},{"v":6000,"d":"6000.00"}]
[5,"班组物资柜","生态板，胡桃色，四开门柜，长×宽×高=1.6m×0.4m×0.8m，厚2.0cm；样式见附图","个",4,"消防中控室及业务大厅二楼外操室用",{"v":2100,"d":"2100.00"},{"v":8400,"d":"8400.00"}]
[6,"手机存放柜（访客用）","冷轧钢板，防腐涂层，柜子内共40个小柜，每个小柜带锁带可视小窗，小窗材质：高透亚克力；柜子整体尺寸：长×宽×高×厚(板材）=0.9m×0.245m×1.75m×1mm；小柜尺寸：长×宽×高=0.15m×0.245m×0.15m","个",2,"汽车装卸区门卫室、船员通道门卫室",{"v":3000,"d":"3000.00"},{"v":6000,"d":"6000.00"}]
[7,"业务大厅座椅","四人位不锈钢皮质排椅，整体尺寸长×宽×高×厚(板材）：2.3m×0.65m×0.78m×1.5mm，坐垫、靠背为皮质，具体见样式","张",10,"业务大厅、司机休息室用",{"v":3500,"d":"3500.00"},{"v":35000,"d":"35000.00"}]
[8,"装车岛座椅","铝制平板凳（无靠背），整体尺寸长×宽×高×厚(板材）：0.6m×0.45m×0.55m×2mm，样式、安装位置现场交底","个",32,"装车岛前后司机值守休息坐凳",{"v":1000,"d":"1000.00"},{"v":32000,"d":"32000.00"}]
[9,"班组生活物资柜","304不锈钢，长×宽×高×厚(板材）=0.9m×0.42m×1.8m×1.0mm","个",8,null,{"v":4000,"d":"4000.00"},{"v":32000,"d":"32000.00"}]
["合计（含税）：",{"$nulls":6},169500]

{"sheet":"标识标牌","index":1,"n_rows":611,"n_cols":9,"rows_kept":611,"merged":[[0,0,0,8],[1,0,2,0],[1,1,2,1],[1,2,2,2],[1,3,2,3],[1,4,2,4],[1,5,2,5],[1,6,2,6],[1,7,2,7],[1,8,2,8],[31,1,33,1],[34,1,35,1],[76,1,232,1],[76,2,104,2],[105,2,116,2],[117,2,129,2],[130,2,142,2],[143,2,162,2],[163,2,169,2],[170,2,176,2],[177,2,198,2],[199,2,206,2],[207,2,214,2],[215,2,222,2],[223,2,230,2],[231,2,232,2],[233,1,323,1],[233,2,240,2],[241,2,248,2],[249,2,256,2],[257,2,266,2],[267,2,274,2],[275,2,282,2],[283,2,288,2],[289,2,296,2],[297,2,304,2],[305,2,312,2],[313,2,321,2],[322,2,323,2],[324,1,369,1],[324,2,342,2],[343,2,356,2],[357,2,369,2],[370,1,501,1],[370,2,377,2],[378,2,385,2],[386,2,393,2],[394,2,401,2],[402,2,409,2],[410,2,417,2],[418,2,425,2],[426,2,433,2],[434,2,441,2],[442,2,449,2],[450,2,457,2],[458,2,465,2],[466,2,473,2],[474,2,481,2],[482,2,489,2],[490,2,497,2],[498,2,499,2],[500,2,501,2],[502,1,576,1],[502,2,508,2],[509,2,515,2],[516,2,521,2],[522,2,527,2],[528,2,533,2],[534,2,541,2],[542,2,549,2],[550,2,557,2],[558,2,565,2],[566,2,572,2],[573,2,574,2],[575,2,576,2],[577,1,588,1],[577,2,588,2]],"flags":["formulas_cached_only"]}
["茂名港长兴石化储运有限公司标识标牌清单（化工仓储）"]
["序号","零件名称","图号","规  格","材  质","单位","需用数量\n件（套）/公斤","备   注","是否安装"]
[]
[1,"阀门状态标识牌",null,"1、阀门牌牌面尺寸：11cm长×6cm宽，柄长5cm，四周钝角处理。柄上宽2.2cm，柄下宽1.5cm，柄下段冲压开孔绑抱箍。\n2、阀门牌材质：1.5mm厚铝牌，丝印效果\n3、冲压式开卡槽，在牌面右侧开槽，开槽位置中间上端再开个3mm的圆孔（上螺丝）\n4、开、关插卡尺寸：3cm宽×4cm高，材质：1mm厚铝牌，丝印效果\n5、整体颜色为深蓝色，内容为白字。面板是防水贴膜。\n6、面板左上角公司logo，彩印。面板左中为阀门编码。","铝板+贴纸（户外防水型）","件",180,"DN700","否"]
[2,"阀门状态标识牌",null,"1、阀门牌牌面尺寸：11cm长×6cm宽，柄长5cm，四周钝角处理。柄上宽2.2cm，柄下宽1.5cm，柄下段冲压开孔绑抱箍。\n2、阀门牌材质：1.5mm厚铝牌，丝印效果\n3、冲压式开卡槽，在牌面右侧开槽，开槽位置中间上端再开个3mm的圆孔（上螺丝）\n4、开、关插卡尺寸：3cm宽×4cm高，材质：1mm厚铝牌，丝印效果\n5、整体颜色为深蓝色，内容为白字。面板是防水贴膜。\n7、面板左上角公司logo，彩印。面板左中为阀门编码。","铝板+贴纸（户外防水型）","件",230,"DN500","否"]
[3,"阀门状态标识牌",null,"1、阀门牌牌面尺寸：11cm长×6cm宽，柄长5cm，四周钝角处理。柄上宽2.2cm，柄下宽1.5cm，柄下段冲压开孔绑抱箍。\n2、阀门牌材质：1.5mm厚铝牌，丝印效果\n3、冲压式开卡槽，在牌面右侧开槽，开槽位置中间上端再开个3mm的圆孔（上螺丝）\n4、开、关插卡尺寸：3cm宽×4cm高，材质：1mm厚铝牌，丝印效果\n5、整体颜色为深蓝色，内容为白字。面板是防水贴膜。\n8、面板左上角公司logo，彩印。面板左中为阀门编码。","铝板+贴纸（户外防水型）","件",330,"DN300DN350","否"]
[4,"阀门状态标识牌",null,"1、阀门牌牌面尺寸：11cm长×6cm宽，柄长5cm，四周钝角处理。柄上宽2.2cm，柄下宽1.5cm，柄下段冲压开孔绑抱箍。\n2、阀门牌材质：1.5mm厚铝牌，丝印效果\n3、冲压式开卡槽，在牌面右侧开槽，开槽位置中间上端再开个3mm的圆孔（上螺丝）\n4、开、关插卡尺寸：3cm宽×4cm高，材质：1mm厚铝牌，丝印效果\n5、整体颜色为深蓝色，内容为白字。面板是防水贴膜。\n9、面板左上角公司logo，彩印。面板左中为阀门编码。","铝板+贴纸（户外防水型）","件",330,"DN200DN250","否"]
[5,"阀门状态标识牌",null,"1、阀门牌牌面尺寸：11cm长×6cm宽，柄长5cm，四周钝角处理。柄上宽2.2cm，柄下宽1.5cm，柄下段冲压开孔绑抱箍。\n2、阀门牌材质：1.5mm厚铝牌，丝印效果\n3、冲压式开卡槽，在牌面右侧开槽，开槽位置中间上端再开个3mm的圆孔（上螺丝）\n4、开、关插卡尺寸：3cm宽×4cm高，材质：1mm厚铝牌，丝印效果\n5、整体颜色为深蓝色，内容为白字。面板是防水贴膜。\n10、面板左上角公司logo，彩印。面板左中为阀门编码。","铝板+贴纸（户外防水型）","件",280,"DN100DN150","否"]
[6,"阀门状态标识牌",null,"1、阀门牌牌面尺寸：11cm长×6cm宽，柄长5cm，四周钝角处理。柄上宽2.2cm，柄下宽1.5cm，柄下段冲压开孔绑抱箍。\n2、阀门牌材质：1.5mm厚铝牌，丝印效果\n3、冲压式开卡槽，在牌面右侧开槽，开槽位置中间上端再开个3mm的圆孔（上螺丝）\n4、开、关插卡尺寸：3cm宽×4cm高，材质：1mm厚铝牌，丝印效果\n5、整体颜色为深蓝色，内容为白字。面板是防水贴膜。\n11、面板左上角公司logo，彩印。面板左中为阀门编码。","铝板+贴纸（户外防水型）","件",150,"DN50DN80","否"]
[7,"盲板牌",null,"长60mm×宽40mm×厚2mm，贴纸（户外防水型）：蓝底白字、字体微软雅黑（具体内容后附）","铝板+贴纸（户外防水型）","件",100,null,"否"]
[8,"管道断面标识牌",null,"长1500mm×宽1160mm×高1800mm，304不锈钢（厚度：1.2mm)骨架（带双支腿及膨胀螺丝）+户外防水型贴纸（骨架2侧全贴）；贴纸内容：管道断面图及相关管道信息，具体排版及内容交底","304不锈钢+贴纸（户外防水型）","件",10,null,"是"]
[9,"安全帽架",null,"304不锈钢，每个均能放20个帽子。尺寸为：四行20格，高度150cm×宽度130cm","304不锈钢+贴纸（户外防水型）","件",4,"库区交接班室、业务大厅、消防中控室、污水处理场外操室","否"]
[10,"F把手架",null,"长1000mm×高1200mm×宽600mm，承重30KG，铜合金","铜合金","件",17,"汽车装卸区3个；生产辅助区1个；化工罐组一2个；化工罐组二2个；油品罐组一2个；油品罐组二2个；油品罐组三2个；油气回收装置2个；污水处理场1个；雨水监控池1个。","否"]
[11,"车辆禁行牌",null,"尺寸：立杆高1.2m，指示牌圆盘直径0.4m，厚度2mm，贴纸户外防水行。禁行牌底部支架灌注水泥浆。汽车装卸区用，每个鹤位2个。","铝合金","件",31,null,"否"]
[12,"船岸安全检查本、原始记录本",null,"要求A4纸张规格，每本50张，支持双面书写，胶订式装订，封面白卡纸封面纸",null,"本",500,"船岸安全检查本300本、原始记录本200本","否"]
[13,"上岗证（本子）",null,"要求：140mm×200mm纸张规格，张数：10张，支持双面书写，胶订式装订，封面白卡纸封面纸（定制，具体内容交底）",null,"本",300,"用做职工上岗证登记本","否"]
[14,"操作规程",null,"要求：A4纸张规格，张数：300张，支持双面书写，胶订+绳子式装订，封面白卡纸封面纸（定制，具体内容交底）",null,"本",400,"库区操作规程200本、码头操作规程200本","否"]
[15,"软管架",null,"长19.5m×宽1.5m×高0.3m，碳钢管排骨形支架（带支腿及膨胀螺丝），可固定在地板上，放置金属软管使用",null,"个",5,"E10一个、E11一个、E12两个、交换站一个","否"]
[16,"软管移动器",null,"长450mm×宽450mm×高500mm（上方为弧形支架），碳钢管框架形支架（支腿带可锁死万向轮）临时支撑或移动金属软管使用",null,"个",25,"E10两个、E11两个、E12四个、交换站八个","否"]
[17,"装车岛序号",null,"长600mm×宽400mm×厚2mm，铝板+骨架，户外防水型贴纸，（调整成耐用材质）贴纸内容：岛1~岛16，蓝底白字），安装模式：焊接到钢结构上(现场交底）","铝板+贴纸（户外防水型）","件",64,"装车岛用","是"]
[18,"装车岛鹤管序号",null,"长600mm×宽400mm×厚2mm，铝板+骨架，户外防水型贴纸，（调整成耐用材质）贴纸内容：岛1~岛16，蓝底白字），安装模式：焊接到钢结构上(现场交底）","铝板+贴纸（户外防水型）","件",64,"装车岛两侧+前后","是"]
[19,"车辆安全检查指引牌",null,"长1000mm×宽500mm×厚2mm，304不锈钢（厚度：1.2mm)骨架（带支腿及膨胀螺丝）+户外防水型贴纸，蓝底白字，内容：停车场，安装模式：立柱","铝板+贴纸（户外防水型）","件",2,"装车门岗、22平台门岗各一个","是"]
[20,"充装作业注意事项",null,"长500mm×宽1000mm，铝板+贴纸，贴纸为户外防水型贴纸，蓝底白字，内容：作业注意事项，安装模式：挂墙","铝板+贴纸（户外防水型）","件",4,"相连四个装车岛安装一个","是"]
[21,"装卸作业安全操作规程",null,"长2000mm×宽1000mm，铝板+贴纸，贴纸为户外防水型贴纸，蓝底白字，内容：安全操作规程，安装模式：挂墙","铝板+贴纸（户外防水型）","件",4,"相连四个装车岛安装一个","是"]
[22,"储罐参数表",null,"长1000mm×宽500mm，贴纸，贴纸为户外防水型贴纸，蓝底白字，内容：储罐参数","贴纸（户外防水型）","件",51,"各储罐","否"]
[23,"库区地面路标",null,"工艺：冷涂油漆，要求；漆膜厚度0.12-0.15mm，线宽150mm，内容：装车区道路地标、船员通道、码头前沿警戒线等（含停车位、导向箭头、通道边缘线、禁止黄线区）   ","喷漆","米",17000,"装车区路线、装车岛车位线、停车场车位线、码头前沿警戒线地标","是"]
[24,"岗位职责标牌",null,"长1000mm×宽600mm，铝板+贴纸，贴纸为户外防水型贴纸，带包边；蓝底白字，内容：岗位职责，安装模式：挂墙","贴纸（户外防水型）","件",25,"码头中央控制室、码头外操室、库区外操室、地磅室、消防控制室","是"]
[25,"挂墙工艺流程图（分片区）",null,"长2000mm×宽1500mm，亚克力板+UV喷漆，白底黑字，内容：工艺流程图，安装模式：挂墙","亚克力板打印","件",3,"外操室、地磅室、消防控制室、","是"]
[26,"消防操作规程、管理制度、岗位职责标牌",null,"长1500mm×宽1500mm，亚克力板+UV喷漆，白底黑字，内容：消防标识、操作法、消防联动自检规程，安装模式：挂墙","亚克力板打印","件",5,"消防控制室","是"]
[27,"挂墙工艺卡片",null,"长800mm×宽400mm，亚克力板+UV喷漆，白底黑字，内容：工艺参数表，安装模式：挂墙","亚克力板打印","件",8,"码头外操室、库区外操室、地磅室、库区中控室","是"]
[28,"操作法",null,"长1000mm×宽500mm，铝板+贴纸，蓝底白字，内容：管道消压操作法","贴纸","件",60,"管道消压操作法7件、清管作业操作法7件、倒罐压油操作法5件、计量操作法2件、采样操作法2件、污水提升池操作法3件、搅拌操作法2件、交换站操作法1件、机器脱水器、油品罐组三自动脱水器","是"]
[29,"消防管网标识",null,"长35cm×宽20cm，内容：消防水→  蓝底白字、字体微软雅黑","贴纸（户外防水型）","件",400,null,"否"]
[30,null,null,"长35cm×宽20cm，内容：消防泡沫混合液→  蓝底白字、字体微软雅黑","贴纸（户外防水型）","件",400,null,"否"]
[31,null,null,"长10cm×宽4cm，内容：泡沫液→  蓝底白字、字体微软雅黑","贴纸（户外防水型）","件",150,null,"否"]
[32,"消防管网标识",null,"长20cm×宽6cm，内容：消防水→  蓝底白字、字体微软雅黑","贴纸（户外防水型）","件",500,null,"否"]
[33,null,null,"长20cm×宽6cm，内容：消防泡沫混合液→  蓝底白字、字体微软雅黑","贴纸（户外防水型）","件",500,null,"否"]
[34,"紧急切换阀按钮标识",null,"长15cm×宽8cm，内容：另附页  蓝底白字、字体微软雅黑","贴纸（户外防水型）","件",300,null,"否"]
[35,"重大危险源包保责任制公示牌",null,"板长1500mm*宽1200mm*中空厚度400mm，板厚2mm。四边用400*400mm方通管进行装饰。外接脚使用400*400mm方通管，长度为板上部离地面2米，埋地水泥安装500mm，背部使用斜撑，材料尺寸同外接脚。版面贴户外高清背胶过膜（内容另外提供）。","304不锈钢","块",5,null,"是"]
[36,"入场须知牌",null,"板长1500mm*宽1200mm*中空厚度400mm，板厚2mm。四边用400*400mm方通管进行装饰。外接脚使用400*400mm方通管，长度为板上部离地面2米，埋地水泥安装500mm，背部使用斜撑，材料尺寸同外接脚。版面贴户外高清背胶过膜（内容另外提供）。","304不锈钢","块",2,null,"是"]
[37,"安全宣传栏",null,"板长1800mm*宽1200mm*中空厚度400mm，板厚2mm。四边用400*400mm方通管进行装饰。外接脚使用400*400mm方通管，长度为板上部离地面2米，埋地水泥安装500mm，背部使用斜撑，材料尺寸同外接脚。版面贴户外高清背胶过膜（内容另外提供）。","304不锈钢","块",2,null,"是"]
[38,"企业安全生产文化宣传",null,"板长2400mm*宽1200mm*中空厚度400mm，板厚2mm。四边用400*400mm方通管进行装饰，挂化工库区墙面，版面贴户外高清背胶过膜（内容另外提供）。","304不锈钢","块",30,null,"是"]
[39,"每日安全承诺公告牌",null,"板长1800mm*宽1200mm*中空厚度400mm，板厚2mm。四边用400*400mm方通管进行装饰。外接脚使用400*400mm方通管，长度为板上部离地面2米，埋地水泥安装500mm，背部使用斜撑，材料尺寸同外接脚。版面贴户外高清背胶过膜（内容另外提供）。","304不锈钢","块",1,null,"是"]
[40,"总平面布置图公示牌",null,"板长1800mm*宽1200mm*中空厚度400mm，板厚2mm。四边用400*400mm方通管进行装饰。外接脚使用400*400mm方通管，长度为板上部离地面2米，埋地水泥安装500mm，背部使用斜撑，材料尺寸同外接脚。版面贴户外高清背胶过膜（内容另外提供）。","304不锈钢","块",1,null,"是"]
[41,"进入生产区域安全告知牌",null,"板长1800mm*宽1200mm*中空厚度400mm，板厚2mm。四边用400*400mm方通管进行装饰。外接脚使用400*400mm方通管，长度为板上部离地面2米，埋地水泥安装500mm，背部使用斜撑，材料尺寸同外接脚。版面贴户外高清背胶过膜（内容另外提供）。","304不锈钢","块",1,null,"是"]
[42,"风险分级管控牌",null,"板长1800mm*宽1200mm*中空厚度400mm，板厚2mm。四边用400*400mm方通管进行装饰。外接脚使用400*400mm方通管，长度为板上部离地面2米，埋地水泥安装500mm，背部使用斜撑，材料尺寸同外接脚。版面贴户外高清背胶过膜（内容另外提供）。","304不锈钢","块",1,null,"是"]
[43,"各罐组警示标识牌",null,"板长1800mm*宽1200mm*中空厚度400mm，板厚2mm。四边用400*400mm方通管进行装饰。外接脚使用400*400mm方通管，长度为板上部离地面2米，埋地水泥安装500mm，背部使用斜撑，材料尺寸同外接脚。版面贴户外高清背胶过膜（内容另外提供）。","304不锈钢","块",8,null,"是"]
[44,"安全管理规定",null,"板长1800mm*宽1200mm*中空厚度400mm，板厚2mm。四边用400*400mm方通管进行装饰。外接脚使用400*400mm方通管，长度为板上部离地面2米，埋地水泥安装500mm，背部使用斜撑，材料尺寸同外接脚。版面贴户外高清背胶过膜（内容另外提供）。","304不锈钢","块",1,null,"是"]
[45,"危化品周知牌",null,"板长2400mm*宽1200mm*中空厚度400mm，板厚2mm。四边用400*400mm方通管进行装饰。外接脚使用400*400mm方通管，长度为板上部离地面2米，埋地水泥安装500mm，背部使用斜撑，材料尺寸同外接脚。版面贴户外高清背胶过膜（内容另外提供）。","304不锈钢","块",4,null,"是"]
[46,"职业危害告知牌",null,"板长2400mm*宽1200mm*中空厚度400mm，板厚2mm。四边用400*400mm方通管进行装饰。外接脚使用400*400mm方通管，长度为板上部离地面2米，埋地水泥安装500mm，背部使用斜撑，材料尺寸同外接脚。版面贴户外高清背胶过膜（内容另外提供）。","304不锈钢","块",5,null,"是"]
[47,"职业危害告知卡",null,"长800mm×宽600mm，厚度1mm，材质：PVC","PVC","张",10,null,"是"]
[48,"安全操作规程",null,"长1000mm×宽600mm，亚克力板+UV喷漆，白底黑字，安装模式：挂墙","亚克力板印刷","块",15,null,"是"]
[49,"岗位安全风险告知卡",null,"长1000mm×宽600mm，亚克力板+UV喷漆，白底黑字，安装模式：挂墙","亚克力板印刷","块",7,null,"是"]
[50,"岗位HSE职责卡",null,"长1000mm×宽600mm，亚克力板+UV喷漆，白底黑字，安装模式：挂墙","亚克力板印刷","块",60,null,"是"]
[51,"微型消防站管理规定",null,"长1000mm×宽600mm，亚克力板+UV喷漆，白底黑字，安装模式：挂墙","亚克力板印刷","块",3,null,"是"]
[52,"安全文化宣传",null,"长1000mm×宽600mm，亚克力板+UV喷漆，安装模式：挂墙（内容另外提供）","亚克力板印刷","块",80,null,"是"]
[53,"限高牌",null,"圆形600mm*2mm，机械固定在管廊架上，面贴反光膜。","铝板","块",20,null,"是"]
[54,"限速牌",null,"圆形600mm*2mm，面贴反光膜。外接脚用400*400mm不锈钢方通管，长度为板上部离地面2米，埋地水泥安装500mm。","铝板","个",6,null,"是"]
[55,"消防器材责任牌",null,"长200mm*宽200mm*厚5mm，面贴户外高清背胶过膜，和一个长100mm*宽40mm*厚5mm的卡套","铝塑板","块",200,null,"是"]
[56,"消防安全“三自主两公开一承诺”公示牌",null,"长2000mm*宽1000mm*厚5mm，面贴户外高清背胶过膜（内容另外提供）","铝塑板","块",1,null,"是"]
[57,"受限空间标识",null,"长600mm*宽400mm","户外高清背胶过膜","张",200,null,"否"]
[58,"安全警示标识",null,"长500mm*宽400mm（面贴户外高清背胶过膜）","铝塑板","张",100,null,"是"]
[59,"安全警示标语",null,"长10米*宽1米*厚3厘米，（户外防水型），字体大小根据标语内容确定","304不锈钢","块",10,null,"是"]
[60,"安全宣传手册",null,"A5纸规格，具体页数待定，胶订式装订，封面白卡纸封面纸","/","本",150,null,"否"]
[61,"消防控制室值班记录本",null,"A4纸规格，每本100页，双面印制，胶订式装订，封面白卡纸封面纸","/","本",100,null,"否"]
[62,"火灾报警记录本",null,"A4纸规格，每本100页，双面印制。胶订式装订，封面白卡纸封面纸","/","本",100,null,"否"]
[63,"灭火器材检查卡",null,"A6纸规格，双面印制","硬纸板","张",300,null,"否"]
[64,"应急物资检查记录本",null,"A4纸规格，每本100页，双面印制，胶订式装订，封面白卡纸封面纸","/","本",100,null,"否"]
[65,"洗眼器检查卡",null,"A6纸规格，双面印制","硬纸板","张",50,null,"否"]
[66,"重大危险源检查记录本",null,"A4纸规格，每本100页，双面印制，胶订式装订，封面白卡纸封面纸","/","本",100,null,"否"]
[67,"位置指示牌        ",null,"尺寸：6.5m×2m   底板2mm铝板+2层3M反光膜，安装方式：挂墙","2厘铝板+3M超强工程级反光膜","块",3,null,"是"]
[68,"位置指示牌 ",null,"尺寸：1000mm×800mm 底板2mm铝板","铝全金板","块",6,null,"是"]
[69,"外来人员访客证",null,"一体式大号双面透明塑料证件套带绳，证件套尺寸：88.1mmx129.1mmx5.4mm；证件规格74x105mm；材质：PP环保材料，一体式大号双面透明塑料卡套证件套带绳(内容另外提供)","PP材料","套",100,null,"否"]
[70,"车辆临时通行证",null,"300g铜版纸彩印+10C塑封膜塑封；内芯尺寸：20×14cm;塑封后22×16cm;(内容另外提供)","300g铜版纸+10C塑封膜","张",100,null,"否"]
[71,"车辆通行证",null,"300g铜版纸彩印+10C塑封膜塑封；内芯尺寸：20×14cm;塑封后22×16cm;(内容另外提供)","300g铜版纸+10C塑封膜","张",20,null,"否"]
[72,"应急物资标示牌",null,"仓库标识牌，规格：A5框，颜色：蓝框，材质：ABS框+磁铁+透明膜，磁性标牌","ABS框+磁铁+透明膜，磁性标牌","个",60,null,"否"]
[73,"罐组防火堤警示大标语",null,"尺寸：1000mm×900mm 底板2mm铝板，白底红字，安装模式：挂墙","铝板","块",32,null,"是"]
[74,"油品罐组一工艺标识","TK-1101","长50cm×宽20cm，内容：92#汽油→TK-1101～TK-1104  蓝底白字、字体微软雅黑","贴纸（户外防水型）","件",9,null,"否"]
[75,null,null,"长50cm×宽20cm，内容：95#汽油→TK-1101～TK-1104  蓝底白字、字体微软雅黑","贴纸（户外防水型）","件",10,null,"否"]
[76,null,null,"长50cm×宽20cm，内容：茂石化95#汽油→交换站  蓝底白字、字体微软雅黑","贴纸（户外防水型）","件",7,null,"否"]
[77,null,null,"长50cm×宽20cm，内容：92#95#汽油→TK-1101    蓝底白字、字体微软雅黑","贴纸（户外防水型）","件",6,null,"否"]
[78,null,null,"长50cm×宽20cm，内容：92#汽油→TK-1101  蓝底白字、字体微软雅黑","贴纸（户外防水型）","件",7,null,"否"]
[79,null,null,"长50cm×宽20cm，内容：95#汽油→TK-1101  蓝底白字、字体微软雅黑","贴纸（户外防水型）","件",7,null,"否"]
[80,null,null,"长50cm×宽20cm，内容：TK-1101→P-1115  蓝底白字、字体微软雅黑","贴纸（户外防水型）","件",7,null,"否"]
[81,null,null,"长50cm×宽20cm，内容：P-1115→92#92#汽油倒罐线  蓝底白字、字体微软雅黑","贴纸（户外防水型）","件",11,null,"否"]
[82,null,null,"长50cm×宽20cm，内容：P-1115→TK-1101  蓝底白字、字体微软雅黑","贴纸（户外防水型）","件",6,null,"否"]
[83,null,null,"长50cm×宽20cm，内容：TK-1101→装船泵  蓝底白字、字体微软雅黑","贴纸（户外防水型）","件",7,null,"否"]
[84,null,null,"长50cm×宽20cm，内容：TK-1101→92#汽油进泵线  蓝底白字、字体微软雅黑","贴纸（户外防水型）","件",11,null,"否"]
[85,null,null,"长50cm×宽20cm，内容：TK-1101→95#汽油进泵线  蓝底白字、字体微软雅黑","贴纸（户外防水型）","件",11,null,"否"]
[86,null,null,"长50cm×宽20cm，内容：P-1101→92#汽油装船线  蓝底白字、字体微软雅黑","贴纸（户外防水型）","件",7,null,"否"]
[87,null,null,"长50cm×宽20cm，内容：P-1101→95#汽油装船线  蓝底白字、字体微软雅黑","贴纸（户外防水型）","件",7,null,"否"]
[88,null,null,"长50cm×宽20cm，内容：P-1102→92#汽油装船线  蓝底白字、字体微软雅黑","贴纸（户外防水型）","件",7,null,"否"]
[89,null,null,"长50cm×宽20cm，内容：P-1102→95#汽油装船线  蓝底白字、字体微软雅黑","贴纸（户外防水型）","件",7,null,"否"]
[90,null,null,"长50cm×宽20cm，内容：P-1103→92#汽油装船线  蓝底白字、字体微软雅黑","贴纸（户外防水型）","件",7,null,"否"]
[91,null,null,"长50cm×宽20cm，内容：P-1103→95#汽油装船线  蓝底白字、字体微软雅黑","贴纸（户外防水型）","件",7,null,"否"]
[92,null,null,"长50cm×宽20cm，内容：柴油罐组→P-1103  蓝底白字、字体微软雅黑","贴纸（户外防水型）","件",7,null,"否"]
[93,null,null,"长50cm×宽20cm，内容：P-1103→柴油装船线  蓝底白字、字体微软雅黑","贴纸（户外防水型）","件",7,null,"否"]
[94,null,null,"长50cm×宽20cm，内容：P-1104→92#汽油装船线  蓝底白字、字体微软雅黑","贴纸（户外防水型）","件",7,null,"否"]
[95,null,null,"长50cm×宽20cm，内容：P-1104→95#汽油装船线  蓝底白字、字体微软雅黑","贴纸（户外防水型）","件",7,null,"否"]
[96,null,null,"长50cm×宽20cm，内容：92#汽油→码头  蓝底白字、字体微软雅黑","贴纸（户外防水型）","件",7,null,"否"]
[97,null,null,"长50cm×宽20cm，内容：95#汽油→码头 蓝底白字、字体微软雅黑","贴纸（户外防水型）","件",7,null,"否"]
[98,null,null,"长50cm×宽20cm，内容：P-1104→倒罐线  蓝底白字、字体微软雅黑","贴纸（户外防水型）","件",7,null,"否"]
[99,null,null,"长50cm×宽20cm，内容：P-1104→TK-1101  蓝底白字、字体微软雅黑","贴纸（户外防水型）","件",7,null,"否"]
[100,null,null,"长50cm×宽20cm，内容：TK-1205→P-1104  蓝底白字、字体微软雅黑","贴纸（户外防水型）","件",11,null,"否"]
[101,null,null,"长50cm×宽20cm，内容：氮气→TK-1101 蓝底白字、字体微软雅黑","贴纸（户外防水型）","件",7,null,"否"]
[102,null,null,"长50cm×宽20cm，内容：TK-1101→油气回收总管  蓝底白字、字体微软雅黑","贴纸（户外防水型）","件",7,null,"否"]
[103,null,"TK-1102","长50cm×宽20cm，内容：92#95#汽油→TK-1102    蓝底白字、字体微软雅黑","贴纸（户外防水型）","件",7,null,"否"]
[104,null,null,"长50cm×宽20cm，内容：92#汽油→TK-1102  蓝底白字、字体微软雅黑","贴纸（户外防水型）","件",7,null,"否"]
[105,null,null,"长50cm×宽20cm，内容：95#汽油→TK-1102  蓝底白字、字体微软雅黑","贴纸（户外防水型）","件",7,null,"否"]
[106,null,null,"长50cm×宽20cm，内容：TK-1102→P-1115  蓝底白字、字体微软雅黑","贴纸（户外防水型）","件",7,null,"否"]
[107,null,null,"长50cm×宽20cm，内容：P-1115→TK-1102  蓝底白字、字体微软雅黑","贴纸（户外防水型）","件",7,null,"否"]
[108,null,null,"长50cm×宽20cm，内容：TK-1102→装船泵  蓝底白字、字体微软雅黑","贴纸（户外防水型）","件",7,null,"否"]
[109,null,null,"长50cm×宽20cm，内容：TK-1102→92#汽油进泵线  蓝底白字、字体微软雅黑","贴纸（户外防水型）","件",7,null,"否"]
[110,null,null,"长50cm×宽20cm，内容：TK-1102→95#汽油进泵线  蓝底白字、字体微软雅黑","贴纸（户外防水型）","件",7,null,"否"]
[111,null,null,"长50cm×宽20cm，内容：P-1104→倒罐线  蓝底白字、字体微软雅黑","贴纸（户外防水型）","件",7,null,"否"]
[112,null,null,"长50cm×宽20cm，内容：P-1104→TK-1102  蓝底白字、字体微软雅黑","贴纸（户外防水型）","件",7,null,"否"]
[113,null,null,"长50cm×宽20cm，内容：氮气→TK-1102 蓝底白字、字体微软雅黑","贴纸（户外防水型）","件",7,null,"否"]
[114,null,null,"长50cm×宽20cm，内容：TK-1102→油气回收总管  蓝底白字、字体微软雅黑","贴纸（户外防水型）","件",7,null,"否"]
[115,null,"TK-1103","长50cm×宽20cm，内容：92#95#汽油→TK-1103    蓝底白字、字体微软雅黑","贴纸（户外防水型）","件",7,null,"否"]
[116,null,null,"长50cm×宽20cm，内容：92#汽油→TK-1103  蓝底白字、字体微软雅黑","贴纸（户外防水型）","件",7,null,"否"]
[117,null,null,"长50cm×宽20cm，内容：95#汽油→TK-1103  蓝底白字、字体微软雅黑","贴纸（户外防水型）","件",7,null,"否"]
[118,null,null,"长50cm×宽20cm，内容：TK-1103→P-1115  蓝底白字、字体微软雅黑","贴纸（户外防水型）","件",7,null,"否"]
[119,null,null,"长50cm×宽20cm，内容：P-1115→TK-1103  蓝底白字、字体微软雅黑","贴纸（户外防水型）","件",7,null,"否"]
[120,null,null,"长50cm×宽20cm，内容：TK-1103→装船泵  蓝底白字、字体微软雅黑","贴纸（户外防水型）","件",7,null,"否"]
[121,null,null,"长50cm×宽20cm，内容：TK-1103→92#汽油进泵线  蓝底白字、字体微软雅黑","贴纸（户外防水型）","件",7,null,"否"]
[122,null,null,"长50cm×宽20cm，内容：TK-1103→95#汽油进泵线  蓝底白字、字体微软雅黑","贴纸（户外防水型）","件",7,null,"否"]
[123,null,null,"长50cm×宽20cm，内容：P-1104→倒罐线  蓝底白字、字体微软雅黑","贴纸（户外防水型）","件",7,null,"否"]
[124,null,null,"长50cm×宽20cm，内容：P-1104→TK-1103  蓝底白字、字体微软雅黑","贴纸（户外防水型）","件",7,null,"否"]
[125,null,null,"长50cm×宽20cm，内容：P-1104→TK-1103搅拌器  蓝底白字、字体微软雅黑","贴纸（户外防水型）","件",7,null,"否"]
[126,null,null,"长50cm×宽20cm，内容：氮气→TK-1103 蓝底白字、字体微软雅黑","贴纸（户外防水型）","件",7,null,"否"]
[127,null,null,"长50cm×宽20cm，内容：TK-1103→油气回收总管  蓝底白字、字体微软雅黑","贴纸（户外防水型）","件",7,null,"否"]
[128,null,"TK-1104","长50cm×宽20cm，内容：92#95#汽油→TK-1104    蓝底白字、字体微软雅黑","贴纸（户外防水型）","件",7,null,"否"]
[129,null,null,"长50cm×宽20cm，内容：92#汽油→TK-1104  蓝底白字、字体微软雅黑","贴纸（户外防水型）","件",7,null,"否"]
[130,null,null,"长50cm×宽20cm，内容：95#汽油→TK-1104  蓝底白字、字体微软雅黑","贴纸（户外防水型）","件",7,null,"否"]
[131,null,null,"长50cm×宽20cm，内容：TK-1104→P-1115  蓝底白字、字体微软雅黑","贴纸（户外防水型）","件",7,null,"否"]
[132,null,null,"长50cm×宽20cm，内容：P-1115→TK-1104  蓝底白字、字体微软雅黑","贴纸（户外防水型）","件",7,null,"否"]
[133,null,null,"长50cm×宽20cm，内容：TK-1104→装船泵  蓝底白字、字体微软雅黑","贴纸（户外防水型）","件",7,null,"否"]
[134,null,null,"长50cm×宽20cm，内容：TK-1104→92#汽油进泵线  蓝底白字、字体微软雅黑","贴纸（户外防水型）","件",7,null,"否"]
[135,null,null,"长50cm×宽20cm，内容：TK-1104→95#汽油进泵线  蓝底白字、字体微软雅黑","贴纸（户外防水型）","件",7,null,"否"]
[136,null,null,"长50cm×宽20cm，内容：P-1104→倒罐线  蓝底白字、字体微软雅黑","贴纸（户外防水型）","件",7,null,"否"]
[137,null,null,"长50cm×宽20cm，内容：P-1104→TK-1104  蓝底白字、字体微软雅黑","贴纸（户外防水型）","件",7,null,"否"]
[138,null,null,"长50cm×宽20cm，内容：P-1104→TK-1104搅拌器  蓝底白字、字体微软雅黑","贴纸（户外防水型）","件",7,null,"否"]
[139,null,null,"长50cm×宽20cm，内容：氮气→TK-1104 蓝底白字、字体微软雅黑","贴纸（户外防水型）","件",7,null,"否"]
[140,null,null,"长50cm×宽20cm，内容：TK-1104→油气回收总管  蓝底白字、字体微软雅黑","贴纸（户外防水型）","件",7,null,"否"]
[141,null,"TK-1105","长50cm×宽20cm，内容：柴油→TK-1105～TK-1107    蓝底白字、字体微软雅黑","贴纸（户外防水型）","件",11,null,"否"]
[142,null,null,"长50cm×宽20cm，内容：柴油/P-1108→TK-1105 蓝底白字、字体微软雅黑","贴纸（户外防水型）","件",7,null,"否"]
[143,null,null,"长50cm×宽20cm，内容：柴油→TK-1105    蓝底白字、字体微软雅黑","贴纸（户外防水型）","件",7,null,"否"]
[144,null,null,"长50cm×宽20cm，内容：P-1108→TK-1105  蓝底白字、字体微软雅黑","贴纸（户外防水型）","件",7,null,"否"]
[145,null,null,"长50cm×宽20cm，内容：P-1108→TK-1105搅拌器   蓝底白字、字体微软雅黑","贴纸（户外防水型）","件",7,null,"否"]
[146,null,null,"长50cm×宽20cm，内容：TK-1105→柴油泵进料线  蓝底白字、字体微软雅黑","贴纸（户外防水型）","件",7,null,"否"]
[147,null,null,"长50cm×宽20cm，内容：TK-1105→P-1115  蓝底白字、字体微软雅黑","贴纸（户外防水型）","件",7,null,"否"]
[148,null,null,"长50cm×宽20cm，内容：P-1115→TK-1105  蓝底白字、字体微软雅黑","贴纸（户外防水型）","件",7,null,"否"]
[149,null,null,"长50cm×宽20cm，内容：P-1115→柴油倒罐线  蓝底白字、字体微软雅黑","贴纸（户外防水型）","件",10,null,"否"]
[150,null,null,"长50cm×宽20cm，内容：柴油泵进料线→P-1105  蓝底白字、字体微软雅黑","贴纸（户外防水型）","件",7,null,"否"]
[151,null,null,"长50cm×宽20cm，内容：柴油泵进料线→P-1106  蓝底白字、字体微软雅黑","贴纸（户外防水型）","件",8,null,"否"]
[152,null,null,"长50cm×宽20cm，内容：柴油泵进料线→P-1107  蓝底白字、字体微软雅黑","贴纸（户外防水型）","件",8,null,"否"]
[153,null,null,"长50cm×宽20cm，内容：柴油泵进料线→P-1108  蓝底白字、字体微软雅黑","贴纸（户外防水型）","件",8,null,"否"]
[154,null,null,"长50cm×宽20cm，内容：92#汽油进泵线→P-1107  蓝底白字、字体微软雅黑","贴纸（户外防水型）","件",8,null,"否"]
[155,null,null,"长50cm×宽20cm，内容：95#汽油进泵线→P-1107  蓝底白字、字体微软雅黑","贴纸（户外防水型）","件",8,null,"否"]
[156,null,null,"长50cm×宽20cm，内容：P-1105→柴油装船线  蓝底白字、字体微软雅黑","贴纸（户外防水型）","件",8,null,"否"]
[157,null,null,"长50cm×宽20cm，内容：P-1106→柴油装船线  蓝底白字、字体微软雅黑","贴纸（户外防水型）","件",8,null,"否"]
[158,null,null,"长50cm×宽20cm，内容：P-1107→柴油装船线  蓝底白字、字体微软雅黑","贴纸（户外防水型）","件",8,null,"否"]
[159,null,null,"长50cm×宽20cm，内容：P-1108→柴油装船线  蓝底白字、字体微软雅黑","贴纸（户外防水型）","件",8,null,"否"]
[160,null,null,"长50cm×宽20cm，内容：柴油→码头  蓝底白字、字体微软雅黑","贴纸（户外防水型）","件",7,null,"否"]
[161,null,"TK-1106","长50cm×宽20cm，内容：柴油/P-1108→TK-1106 蓝底白字、字体微软雅黑","贴纸（户外防水型）","件",8,null,"否"]
[162,null,null,"长50cm×宽20cm，内容：柴油→TK-1106    蓝底白字、字体微软雅黑","贴纸（户外防水型）","件",8,null,"否"]
[163,null,null,"长50cm×宽20cm，内容：P-1108→TK-1106  蓝底白字、字体微软雅黑","贴纸（户外防水型）","件",7,null,"否"]
[164,null,null,"长50cm×宽20cm，内容：P-1108→TK-1106搅拌器   蓝底白字、字体微软雅黑","贴纸（户外防水型）","件",7,null,"否"]
[165,null,null,"长50cm×宽20cm，内容：TK-1106→柴油泵进料线  蓝底白字、字体微软雅黑","贴纸（户外防水型）","件",7,null,"否"]
[166,null,null,"长50cm×宽20cm，内容：TK-1106→P-1115  蓝底白字、字体微软雅黑","贴纸（户外防水型）","件",7,null,"否"]
[167,null,null,"长50cm×宽20cm，内容：P-1115→TK-1106  蓝底白字、字体微软雅黑","贴纸（户外防水型）","件",7,null,"否"]
[168,null,"TK-1107","长50cm×宽20cm，内容：柴油/P-1108→TK-1107 蓝底白字、字体微软雅黑","贴纸（户外防水型）","件",6,null,"否"]
[169,null,null,"长50cm×宽20cm，内容：柴油→TK-1107    蓝底白字、字体微软雅黑","贴纸（户外防水型）","件",7,null,"否"]
[170,null,null,"长50cm×宽20cm，内容：P-1108→TK-1107  蓝底白字、字体微软雅黑","贴纸（户外防水型）","件",7,null,"否"]
[171,null,null,"长50cm×宽20cm，内容：P-1108→TK-1107搅拌器   蓝底白字、字体微软雅黑","贴纸（户外防水型）","件",7,null,"否"]
[172,null,null,"长50cm×宽20cm，内容：TK-1107→柴油泵进料线  蓝底白字、字体微软雅黑","贴纸（户外防水型）","件",7,null,"否"]
[173,null,null,"长50cm×宽20cm，内容：TK-1107→P-1115  蓝底白字、字体微软雅黑","贴纸（户外防水型）","件",7,null,"否"]
[174,null,null,"长50cm×宽20cm，内容：P-1115→TK-1107  蓝底白字、字体微软雅黑","贴纸（户外防水型）","件",7,null,"否"]
[175,null,"TK-1108","长50cm×宽20cm，内容：自茂石化航空煤油专管来    蓝底白字、字体微软雅黑","贴纸（户外防水型）","件",10,null,"否"]
[176,null,null,"长50cm×宽20cm，内容：航空煤油→TK-1108～TK-1112  蓝底白字、字体微软雅黑","贴纸（户外防水型）","件",10,null,"否"]
[177,null,null,"长50cm×宽20cm，内容：航煤过滤、聚结器→TK-1108  蓝底白字、字体微软雅黑","贴纸（户外防水型）","件",7,null,"否"]
[178,null,null,"长50cm×宽20cm，内容：航空煤油/P-1112→TK-1108 蓝底白字、字体微软雅黑","贴纸（户外防水型）","件",7,null,"否"]
[179,null,null,"长50cm×宽20cm，内容：航空煤油→TK-1108    蓝底白字、字体微软雅黑","贴纸（户外防水型）","件",7,null,"否"]
[180,null,null,"长50cm×宽20cm，内容：P-1112→TK-1108  蓝底白字、字体微软雅黑","贴纸（户外防水型）","件",7,null,"否"]
[181,null,null,"长50cm×宽20cm，内容：P-1112→TK-1108搅拌器   蓝底白字、字体微软雅黑","贴纸（户外防水型）","件",7,null,"否"]
[182,null,null,"长50cm×宽20cm，内容：TK-1108→航空煤油泵进料线  蓝底白字、字体微软雅黑","贴纸（户外防水型）","件",7,null,"否"]
[183,null,null,"长50cm×宽20cm，内容：TK-1108→P-1116（预留）  蓝底白字、字体微软雅黑","贴纸（户外防水型）","件",6,null,"否"]
[184,null,null,"长50cm×宽20cm，内容：P-1116→航空煤油倒罐线  蓝底白字、字体微软雅黑","贴纸（户外防水型）","件",10,null,"否"]
[185,null,null,"长50cm×宽20cm，内容：航空煤油泵进料线→P-1109  蓝底白字、字体微软雅黑","贴纸（户外防水型）","件",7,null,"否"]
[186,null,null,"长50cm×宽20cm，内容：航空煤油泵进料线→P-1110  蓝底白字、字体微软雅黑","贴纸（户外防水型）","件",7,null,"否"]
[187,null,null,"长50cm×宽20cm，内容：航空煤油泵进料线→P-1111  蓝底白字、字体微软雅黑","贴纸（户外防水型）","件",7,null,"否"]
[188,null,null,"长50cm×宽20cm，内容：航空煤油泵进料线→P-1112  蓝底白字、字体微软雅黑","贴纸（户外防水型）","件",7,null,"否"]
[189,null,null,"长50cm×宽20cm，内容：航空煤油泵进料线→P-1113  蓝底白字、字体微软雅黑","贴纸（户外防水型）","件",7,null,"否"]
[190,null,null,"长50cm×宽20cm，内容：P-1109→航空煤油装船线  蓝底白字、字体微软雅黑","贴纸（户外防水型）","件",7,null,"否"]
[191,null,null,"长50cm×宽20cm，内容：P-1110→航空煤油装船线  蓝底白字、字体微软雅黑","贴纸（户外防水型）","件",7,null,"否"]
[192,null,null,"长50cm×宽20cm，内容：P-1111→航空煤油装船线  蓝底白字、字体微软雅黑","贴纸（户外防水型）","件",7,null,"否"]
[193,null,null,"长50cm×宽20cm，内容：P-1112→航空煤油装船线  蓝底白字、字体微软雅黑","贴纸（户外防水型）","件",7,null,"否"]
[194,null,null,"长50cm×宽20cm，内容：P-1113→航空煤油装船线  蓝底白字、字体微软雅黑","贴纸（户外防水型）","件",7,null,"否"]
[195,null,null,"长50cm×宽20cm，内容：航空煤油装船线→码头  蓝底白字、字体微软雅黑","贴纸（户外防水型）","件",9,null,"否"]
[196,null,null,"长24cm×宽12cm，内容：氮气→TK-1108 蓝底白字、字体微软雅黑","贴纸（户外防水型）","件",7,null,"否"]
[197,null,"TK-1109","长50cm×宽20cm，内容：航空煤油/P-1112→TK-1109 蓝底白字、字体微软雅黑","贴纸（户外防水型）","件",6,null,"否"]
[198,null,null,"长50cm×宽20cm，内容：航空煤油→TK-1109    蓝底白字、字体微软雅黑","贴纸（户外防水型）","件",7,null,"否"]
[199,null,null,"长50cm×宽20cm，内容：P-1112→TK-1109  蓝底白字、字体微软雅黑","贴纸（户外防水型）","件",7,null,"否"]
[200,null,null,"长50cm×宽20cm，内容：P-1112→TK-1109搅拌器   蓝底白字、字体微软雅黑","贴纸（户外防水型）","件",7,null,"否"]
[201,null,null,"长50cm×宽20cm，内容：TK-1109→航煤煤油泵进料线  蓝底白字、字体微软雅黑","贴纸（户外防水型）","件",7,null,"否"]
[202,null,null,"长50cm×宽20cm，内容：TK-1109→P-1116（预留）  蓝底白字、字体微软雅黑","贴纸（户外防水型）","件",7,null,"否"]
[203,null,null,"长50cm×宽20cm，内容：P-1116（预留）→TK-1109  蓝底白字、字体微软雅黑","贴纸（户外防水型）","件",7,null,"否"]
[204,null,null,"长24cm×宽12cm，内容：氮气→TK-1109 蓝底白字、字体微软雅黑","贴纸（户外防水型）","件",7,null,"否"]
[205,null,"TK-1110","长50cm×宽20cm，内容：航空煤油/P-1112→TK-1110 蓝底白字、字体微软雅黑","贴纸（户外防水型）","件",6,null,"否"]
[206,null,null,"长50cm×宽20cm，内容：航空煤油→TK-1110    蓝底白字、字体微软雅黑","贴纸（户外防水型）","件",7,null,"否"]
[207,null,null,"长50cm×宽20cm，内容：P-1112→TK-1110  蓝底白字、字体微软雅黑","贴纸（户外防水型）","件",7,null,"否"]
[208,null,null,"长50cm×宽20cm，内容：P-1112→TK-1110搅拌器   蓝底白字、字体微软雅黑","贴纸（户外防水型）","件",7,null,"否"]
[209,null,null,"长50cm×宽20cm，内容：TK-1110→航煤煤油泵进料线  蓝底白字、字体微软雅黑","贴纸（户外防水型）","件",10,null,"否"]
[210,null,null,"长50cm×宽20cm，内容：TK-1110→P-1116（预留）  蓝底白字、字体微软雅黑","贴纸（户外防水型）","件",7,null,"否"]
[211,null,null,"长50cm×宽20cm，内容：P-1116（预留）→TK-1110  蓝底白字、字体微软雅黑","贴纸（户外防水型）","件",7,null,"否"]
[212,null,null,"长24cm×宽12cm，内容：氮气→TK-1110 蓝底白字、字体微软雅黑","贴纸（户外防水型）","件",7,null,"否"]
[213,null,"TK-1111","长50cm×宽20cm，内容：航空煤油/P-1112→TK-1111 蓝底白字、字体微软雅黑","贴纸（户外防水型）","件",7,null,"否"]
[214,null,null,"长50cm×宽20cm，内容：航空煤油→TK-1111    蓝底白字、字体微软雅黑","贴纸（户外防水型）","件",7,null,"否"]
[215,null,null,"长50cm×宽20cm，内容：P-1112→TK-1111  蓝底白字、字体微软雅黑","贴纸（户外防水型）","件",7,null,"否"]
[216,null,null,"长50cm×宽20cm，内容：P-1112→TK-1111搅拌器   蓝底白字、字体微软雅黑","贴纸（户外防水型）","件",7,null,"否"]
[217,null,null,"长50cm×宽20cm，内容：TK-1111→航煤煤油泵进料线  蓝底白字、字体微软雅黑","贴纸（户外防水型）","件",8,null,"否"]
[218,null,null,"长50cm×宽20cm，内容：TK-1111→P-1116（预留）  蓝底白字、字体微软雅黑","贴纸（户外防水型）","件",7,null,"否"]
[219,null,null,"长50cm×宽20cm，内容：P-1116（预留）→TK-1111  蓝底白字、字体微软雅黑","贴纸（户外防水型）","件",7,null,"否"]
[220,null,null,"长24cm×宽12cm，内容：氮气→TK-1111 蓝底白字、字体微软雅黑","贴纸（户外防水型）","件",7,null,"否"]
[221,null,"TK-1112","长50cm×宽20cm，内容：航空煤油/P-1112→TK-1112 蓝底白字、字体微软雅黑","贴纸（户外防水型）","件",6,null,"否"]
[222,null,null,"长50cm×宽20cm，内容：航空煤油→TK-1112    蓝底白字、字体微软雅黑","贴纸（户外防水型）","件",7,null,"否"]
[223,null,null,"长50cm×宽20cm，内容：P-1112→TK-1112  蓝底白字、字体微软雅黑","贴纸（户外防水型）","件",7,null,"否"]
[224,null,null,"长50cm×宽20cm，内容：P-1112→TK-1112搅拌器   蓝底白字、字体微软雅黑","贴纸（户外防水型）","件",7,null,"否"]
[225,null,null,"长50cm×宽20cm，内容：TK-1112→航煤煤油泵进料线  蓝底白字、字体微软雅黑","贴纸（户外防水型）","件",10,null,"否"]
[226,null,null,"长50cm×宽20cm，内容：TK-1112→P-1116（预留）  蓝底白字、字体微软雅黑","贴纸（户外防水型）","件",7,null,"否"]
[227,null,null,"长50cm×宽20cm，内容：P-1116（预留）→TK-1112  蓝底白字、字体微软雅黑","贴纸（户外防水型）","件",7,null,"否"]
[228,null,null,"长24cm×宽12cm，内容：氮气→TK-1112 蓝底白字、字体微软雅黑","贴纸（户外防水型）","件",6,null,"否"]
[229,null,"V-1101","长24cm×宽12cm，内容：V-1101→P-1114  蓝底白字、字体微软雅黑","贴纸（户外防水型）","件",6,null,"否"]
[230,null,null,"长24cm×宽12cm，内容：P-1114→装车外运  蓝底白字、字体微软雅黑","贴纸（户外防水型）","件",6,null,"否"]
[231,"油品罐组二工艺标识","TK-1201","长60cm×宽20cm，内容：交换站→TK-1201(兼倒罐线→交换站）  蓝底白字、字体微软雅黑","贴纸（户外防水型）","件",7,null,"否"]
[232,null,null,"长50cm×宽20cm，内容：交换站→TK-1201  蓝底白字、字体微软雅黑","贴纸（户外防水型）","件",6,null,"否"]
[233,null,null,"长50cm×宽20cm，内容：TK-1201→P-1201  蓝底白字、字体微软雅黑","贴纸（户外防水型）","件",7,null,"否"]
[234,null,null,"长50cm×宽20cm，内容：P-1201→装车台  蓝底白字、字体微软雅黑","贴纸（户外防水型）","件",7,null,"否"]
[235,null,null,"长50cm×宽20cm，内容：P-1201→倒罐线  蓝底白字、字体微软雅黑","贴纸（户外防水型）","件",7,null,"否"]
[236,null,null,"长50cm×宽20cm，内容：TK-1201→P-1211 蓝底白字、字体微软雅黑","贴纸（户外防水型）","件",6,null,"否"]
[237,null,null,"长24cm×宽12cm，内容：氮气→TK-1201  蓝底白字、字体微软雅黑","贴纸（户外防水型）","件",7,null,"否"]
[238,null,null,"长50cm×宽20cm，内容：TK-1201→油气回收（油品）总管   蓝底白字、字体微软雅黑","贴纸（户外防水型）","件",6,null,"否"]
[239,null,"TK-1203","长60cm×宽20cm，内容：交换站→TK-1203(兼倒罐线→交换站）  蓝底白字、字体微软雅黑","贴纸（户外防水型）","件",7,null,"否"]
[240,null,null,"长50cm×宽20cm，内容：交换站→TK-1203  蓝底白字、字体微软雅黑","贴纸（户外防水型）","件",6,null,"否"]
[241,null,null,"长50cm×宽20cm，内容：TK-1203→P-1202  蓝底白字、字体微软雅黑","贴纸（户外防水型）","件",7,null,"否"]
[242,null,null,"长50cm×宽20cm，内容：P-1202→装车台  蓝底白字、字体微软雅黑","贴纸（户外防水型）","件",7,null,"否"]
[243,null,null,"长50cm×宽20cm，内容：P-1202→倒罐线  蓝底白字、字体微软雅黑","贴纸（户外防水型）","件",7,null,"否"]
[244,null,null,"长50cm×宽20cm，内容：TK-1202→P-1211 蓝底白字、字体微软雅黑","贴纸（户外防水型）","件",6,null,"否"]
[245,null,null,"长24cm×宽12cm，内容：氮气→TK-1203  蓝底白字、字体微软雅黑","贴纸（户外防水型）","件",7,null,"否"]
[246,null,null,"长50cm×宽20cm，内容：TK-1203→油气回收（油品）总管   蓝底白字、字体微软雅黑","贴纸（户外防水型）","件",6,null,"否"]
[247,null,"TK-1205","长60cm×宽20cm，内容：交换站→TK-1205(兼倒罐线→交换站）  蓝底白字、字体微软雅黑","贴纸（户外防水型）","件",7,null,"否"]
[248,null,null,"长50cm×宽20cm，内容：交换站→TK-1205  蓝底白字、字体微软雅黑","贴纸（户外防水型）","件",6,null,"否"]
[249,null,null,"长50cm×宽20cm，内容：TK-1205→P-1104  蓝底白字、字体微软雅黑","贴纸（户外防水型）","件",11,null,"否"]
[250,null,null,"长50cm×宽20cm，内容：TK-1205→P-1206  蓝底白字、字体微软雅黑","贴纸（户外防水型）","件",7,null,"否"]
[251,null,null,"长50cm×宽20cm，内容：P-1206→倒罐线  蓝底白字、字体微软雅黑","贴纸（户外防水型）","件",7,null,"否"]
[252,null,null,"长50cm×宽20cm，内容：TK-1205→P-1211 蓝底白字、字体微软雅黑","贴纸（户外防水型）","件",6,null,"否"]
[253,null,null,"长24cm×宽12cm，内容：氮气→TK-1205  蓝底白字、字体微软雅黑","贴纸（户外防水型）","件",7,null,"否"]
[254,null,null,"长50cm×宽20cm，内容：TK-1205→油气回收（油品）总管   蓝底白字、字体微软雅黑","贴纸（户外防水型）","件",6,null,"否"]
[255,null,"TK-1202","长50cm×宽20cm，内容：自茂石化专管来  蓝底白字、字体微软雅黑","贴纸（户外防水型）","件",7,null,"否"]
[256,null,null,"长50cm×宽20cm，内容：茂石化专管→TK-1202  蓝底白字、字体微软雅黑","贴纸（户外防水型）","件",7,null,"否"]
[257,null,null,"长50cm×宽20cm，内容：茂石化专管/P-1206→TK-1202  蓝底白字、字体微软雅黑","贴纸（户外防水型）","件",6,null,"否"]
[258,null,null,"长50cm×宽20cm，内容：TK-1202→P-1203/P-1204  蓝底白字、字体微软雅黑","贴纸（户外防水型）","件",6,null,"否"]
[259,null,null,"长50cm×宽20cm，内容：TK-1202→P-1203  蓝底白字、字体微软雅黑","贴纸（户外防水型）","件",7,null,"否"]
[260,null,null,"长50cm×宽20cm，内容：TK-1202→P-1204  蓝底白字、字体微软雅黑","贴纸（户外防水型）","件",7,null,"否"]
[261,null,null,"长50cm×宽20cm，内容：P-1203/P-1204→码头  蓝底白字、字体微软雅黑","贴纸（户外防水型）","件",7,null,"否"]
[262,null,null,"长50cm×宽20cm，内容：TK-1202→P-1211 蓝底白字、字体微软雅黑","贴纸（户外防水型）","件",6,null,"否"]
[263,null,null,"长24cm×宽12cm，内容：氮气→TK-1202  蓝底白字、字体微软雅黑","贴纸（户外防水型）","件",7,null,"否"]
[264,null,null,"长50cm×宽20cm，内容：TK-1202→油气回收（化工品）总管   蓝底白字、字体微软雅黑","贴纸（户外防水型）","件",6,null,"否"]
[265,null,"TK-1204","长50cm×宽20cm，内容：茂石化专管→TK-1204  蓝底白字、字体微软雅黑","贴纸（户外防水型）","件",7,null,"否"]
[266,null,null,"长50cm×宽20cm，内容：茂石化专管/P-1206→TK-1204  蓝底白字、字体微软雅黑","贴纸（户外防水型）","件",6,null,"否"]
[267,null,null,"长50cm×宽20cm，内容：TK-1204→P-1203/P-1204  蓝底白字、字体微软雅黑","贴纸（户外防水型）","件",7,null,"否"]
[268,null,null,"长50cm×宽20cm，内容：TK-1204→P-1203  蓝底白字、字体微软雅黑","贴纸（户外防水型）","件",7,null,"否"]
[269,null,null,"长50cm×宽20cm，内容：TK-1204→P-1204  蓝底白字、字体微软雅黑","贴纸（户外防水型）","件",7,null,"否"]
[270,null,null,"长50cm×宽20cm，内容：TK-1204→P-1211 蓝底白字、字体微软雅黑","贴纸（户外防水型）","件",6,null,"否"]
[271,null,null,"长24cm×宽12cm，内容：氮气→TK-1204  蓝底白字、字体微软雅黑","贴纸（户外防水型）","件",7,null,"否"]
[272,null,null,"长50cm×宽20cm，内容：TK-1204→油气回收（化工品）总管   蓝底白字、字体微软雅黑","贴纸（户外防水型）","件",6,null,"否"]
[273,null,"TK-1206","长50cm×宽20cm，内容：自茂石化专管来  蓝底白字、字体微软雅黑","贴纸（户外防水型）","件",7,null,"否"]
[274,null,null,"长50cm×宽20cm，内容：茂石化专管→TK-1206  蓝底白字、字体微软雅黑","贴纸（户外防水型）","件",7,null,"否"]
[275,null,null,"长50cm×宽20cm，内容：茂石化专管/P-1206→TK-1206  蓝底白字、字体微软雅黑","贴纸（户外防水型）","件",6,null,"否"]
[276,null,null,"长50cm×宽20cm，内容：TK-1206→P-1205 蓝底白字、字体微软雅黑","贴纸（户外防水型）","件",7,null,"否"]
[277,null,null,"长50cm×宽20cm，内容：P-1205→码头  蓝底白字、字体微软雅黑","贴纸（户外防水型）","件",7,null,"否"]
[278,null,null,"长50cm×宽20cm，内容：TK-1206→P-1211 蓝底白字、字体微软雅黑","贴纸（户外防水型）","件",6,null,"否"]
[279,null,null,"长24cm×宽12cm，内容：氮气→TK-1206  蓝底白字、字体微软雅黑","贴纸（户外防水型）","件",7,null,"否"]
[280,null,null,"长50cm×宽20cm，内容：TK-1206→油气回收（化工品）总管   蓝底白字、字体微软雅黑","贴纸（户外防水型）","件",6,null,"否"]
[281,null,"TK-1208","长50cm×宽20cm，内容：茂石化专管→TK-1208  蓝底白字、字体微软雅黑","贴纸（户外防水型）","件",8,null,"否"]
[282,null,null,"长50cm×宽20cm，内容：茂石化专管/P-1206→TK-1208  蓝底白字、字体微软雅黑","贴纸（户外防水型）","件",6,null,"否"]
[283,null,null,"长50cm×宽20cm，内容：TK-1208→P-1205 蓝底白字、字体微软雅黑","贴纸（户外防水型）","件",8,null,"否"]
[284,null,null,"长50cm×宽20cm，内容：TK-1208→P-1211 蓝底白字、字体微软雅黑","贴纸（户外防水型）","件",6,null,"否"]
[285,null,null,"长24cm×宽12cm，内容：氮气→TK-1208  蓝底白字、字体微软雅黑","贴纸（户外防水型）","件",7,null,"否"]
[286,null,null,"长50cm×宽20cm，内容：TK-1208→油气回收（化工品）总管   蓝底白字、字体微软雅黑","贴纸（户外防水型）","件",6,null,"否"]
[287,null,"TK-1207","长60cm×宽20cm，内容：交换站→TK-1209(兼倒罐线→交换站）  蓝底白字、字体微软雅黑","贴纸（户外防水型）","件",7,null,"否"]
[288,null,null,"长50cm×宽20cm，内容：交换站→TK-1207  蓝底白字、字体微软雅黑","贴纸（户外防水型）","件",6,null,"否"]
[289,null,null,"长50cm×宽20cm，内容：TK-1207→P-1207  蓝底白字、字体微软雅黑","贴纸（户外防水型）","件",7,null,"否"]
[290,null,null,"长50cm×宽20cm，内容：P-1207→装车台  蓝底白字、字体微软雅黑","贴纸（户外防水型）","件",7,null,"否"]
[291,null,null,"长50cm×宽20cm，内容：P-1207→倒罐线  蓝底白字、字体微软雅黑","贴纸（户外防水型）","件",7,null,"否"]
[292,null,null,"长50cm×宽20cm，内容：TK-1207→P-1211 蓝底白字、字体微软雅黑","贴纸（户外防水型）","件",6,null,"否"]
[293,null,null,"长24cm×宽12cm，内容：氮气→TK-2107 蓝底白字、字体微软雅黑","贴纸（户外防水型）","件",7,null,"否"]
[294,null,null,"长50cm×宽20cm，内容：TK-2107→油气回收（化工品）总管  蓝底白字、字体微软雅黑","贴纸（户外防水型）","件",6,null,"否"]
[295,null,"TK-1209","长60cm×宽20cm，内容：交换站→TK-1209(兼倒罐线→交换站）  蓝底白字、字体微软雅黑","贴纸（户外防水型）","件",7,null,"否"]
[296,null,null,"长50cm×宽20cm，内容：交换站→TK-1209  蓝底白字、字体微软雅黑","贴纸（户外防水型）","件",6,null,"否"]
[297,null,null,"长50cm×宽20cm，内容：TK-1209→P-1208  蓝底白字、字体微软雅黑","贴纸（户外防水型）","件",7,null,"否"]
[298,null,null,"长50cm×宽20cm，内容：P-1208→装车台  蓝底白字、字体微软雅黑","贴纸（户外防水型）","件",7,null,"否"]
[299,null,null,"长50cm×宽20cm，内容：P-1208→倒罐线  蓝底白字、字体微软雅黑","贴纸（户外防水型）","件",7,null,"否"]
[300,null,null,"长50cm×宽20cm，内容：TK-1209→P-1211 蓝底白字、字体微软雅黑","贴纸（户外防水型）","件",6,null,"否"]
[301,null,null,"长24cm×宽12cm，内容：氮气→TK-2109 蓝底白字、字体微软雅黑","贴纸（户外防水型）","件",7,null,"否"]
[302,null,null,"长50cm×宽20cm，内容：TK-2109→油气回收（化工品）总管  蓝底白字、字体微软雅黑","贴纸（户外防水型）","件",6,null,"否"]
[303,null,"TK-1210","长60cm×宽20cm，内容：交换站→TK-1209(兼倒罐线→交换站）  蓝底白字、字体微软雅黑","贴纸（户外防水型）","件",7,null,"否"]
[304,null,null,"长50cm×宽20cm，内容：交换站→TK-1210  蓝底白字、字体微软雅黑","贴纸（户外防水型）","件",6,null,"否"]
[305,null,null,"长50cm×宽20cm，内容：TK-1210→P-1209  蓝底白字、字体微软雅黑","贴纸（户外防水型）","件",7,null,"否"]
[306,null,null,"长50cm×宽20cm，内容：P-1209→装车台  蓝底白字、字体微软雅黑","贴纸（户外防水型）","件",7,null,"否"]
[307,null,null,"长50cm×宽20cm，内容：P-1209→倒罐线  蓝底白字、字体微软雅黑","贴纸（户外防水型）","件",7,null,"否"]
[308,null,null,"长50cm×宽20cm，内容：TK-1210→P-1211 蓝底白字、字体微软雅黑","贴纸（户外防水型）","件",6,null,"否"]
[309,null,null,"长24cm×宽12cm，内容：氮气→TK-2110 蓝底白字、字体微软雅黑","贴纸（户外防水型）","件",7,null,"否"]
[310,null,null,"长50cm×宽20cm，内容：TK-2110→油气回收（化工品）总管  蓝底白字、字体微软雅黑","贴纸（户外防水型）","件",6,null,"否"]
[311,null,"抽底油泵","长50cm×宽20cm，内容：抽底油总管→P-1211  蓝底白字、字体微软雅黑","贴纸（户外防水型）","件",6,null,"否"]
[312,null,null,"长50cm×宽20cm，内容：P-1211→交换站  蓝底白字、字体微软雅黑","贴纸（户外防水型）","件",7,null,"否"]
[313,null,null,"长50cm×宽20cm，内容：P-1211→TK-1202/ TK-1204  蓝底白字、字体微软雅黑","贴纸（户外防水型）","件",6,null,"否"]
[314,null,null,"长50cm×宽20cm，内容：P-1211→TK-1202   蓝底白字、字体微软雅黑","贴纸（户外防水型）","件",6,null,"否"]
[315,null,null,"长50cm×宽20cm，内容：P-1211→ TK-1204  蓝底白字、字体微软雅黑","贴纸（户外防水型）","件",6,null,"否"]
[316,null,null,"长50cm×宽20cm，内容：P-1211→ TK-1205  蓝底白字、字体微软雅黑","贴纸（户外防水型）","件",6,null,"否"]
[317,null,null,"长50cm×宽20cm，内容：P-1211→TK-1206/ TK-1206  蓝底白字、字体微软雅黑","贴纸（户外防水型）","件",6,null,"否"]
[318,null,null,"长50cm×宽20cm，内容：P-1211→ TK-1206  蓝底白字、字体微软雅黑","贴纸（户外防水型）","件",6,null,"否"]
[319,null,null,"长50cm×宽20cm，内容：P-1211→ TK-1208  蓝底白字、字体微软雅黑","贴纸（户外防水型）","件",6,null,"否"]
[320,null,"V-1201","长24cm×宽12cm，内容：V-1201→P-1210  蓝底白字、字体微软雅黑","贴纸（户外防水型）","件",6,null,"否"]
[321,null,null,"长24cm×宽12cm，内容：P-1210→装车外运  蓝底白字、字体微软雅黑","贴纸（户外防水型）","件",6,null,"否"]
[322,"油品罐组三工艺标识","TK-1301","长50cm×宽20cm，内容：燃料油→TK-1301～TK-1303  蓝底白字、字体微软雅黑","贴纸（户外防水型）","件",11,null,"否"]
[323,null,null,"长50cm×宽20cm，内容：茂石化专管→TK-1301  蓝底白字、字体微软雅黑","贴纸（户外防水型）","件",7,null,"否"]
[324,null,null,"长50cm×宽20cm，内容：燃料油/P-1302→TK-1301  蓝底白字、字体微软雅黑","贴纸（户外防水型）","件",6,null,"否"]
[325,null,null,"长50cm×宽20cm，内容：P-1302→TK-1301  蓝底白字、字体微软雅黑","贴纸（户外防水型）","件",6,null,"否"]
[326,null,null,"长50cm×宽20cm，内容：燃料油→TK-1301  蓝底白字、字体微软雅黑","贴纸（户外防水型）","件",7,null,"否"]
[327,null,null,"长50cm×宽20cm，内容：TK-1301→燃料油泵进料线  蓝底白字、字体微软雅黑","贴纸（户外防水型）","件",10,null,"否"]
[328,null,null,"长50cm×宽20cm，内容：TK-1301→罐底油泵进料线  蓝底白字、字体微软雅黑","贴纸（户外防水型）","件",7,null,"否"]
[329,null,null,"长50cm×宽20cm，内容：TK-1301→P-1303  蓝底白字、字体微软雅黑","贴纸（户外防水型）","件",7,null,"否"]
[330,null,null,"长50cm×宽20cm，内容：TK-1301→P-1302  蓝底白字、字体微软雅黑","贴纸（户外防水型）","件",6,null,"否"]
[331,null,null,"长24cm×宽12cm，内容：TK-1301→P-1301  蓝底白字、字体微软雅黑","贴纸（户外防水型）","件",7,null,"否"]
[332,null,null,"长50cm×宽20cm，内容：P-1302→燃料油倒罐线 蓝底白字、字体微软雅黑","贴纸（户外防水型）","件",11,null,"否"]
[333,null,null,"长50cm×宽20cm，内容：P-1303→燃料油倒罐线 蓝底白字、字体微软雅黑","贴纸（户外防水型）","件",11,null,"否"]
[334,null,null,"长50cm×宽20cm，内容：P-1302→TK-1301   蓝底白字、字体微软雅黑","贴纸（户外防水型）","件",7,null,"否"]
[335,null,null,"长50cm×宽20cm，内容：P-1303→TK-1301   蓝底白字、字体微软雅黑","贴纸（户外防水型）","件",7,null,"否"]
[336,null,null,"长50cm×宽20cm，内容：P-1302→TK-1301搅拌器  蓝底白字、字体微软雅黑","贴纸（户外防水型）","件",7,null,"否"]
[337,null,null,"长50cm×宽20cm，内容：P-1301→燃料油装船线  蓝底白字、字体微软雅黑","贴纸（户外防水型）","件",7,null,"否"]
[338,null,null,"长50cm×宽20cm，内容：P-1302→燃料油装船线  蓝底白字、字体微软雅黑","贴纸（户外防水型）","件",7,null,"否"]
[339,null,null,"长50cm×宽20cm，内容：蒸汽→TK-1301  蓝底白字、字体微软雅黑","贴纸（户外防水型）","件",9,null,"否"]
[340,null,null,"长50cm×宽20cm，内容：TK-1301→凝结水  蓝底白字、字体微软雅黑","贴纸（户外防水型）","件",7,null,"否"]
[341,null,"TK-1302","长50cm×宽20cm，内容：茂石化专管→TK-1302  蓝底白字、字体微软雅黑","贴纸（户外防水型）","件",7,null,"否"]
[342,null,null,"长50cm×宽20cm，内容：燃料油/P-1302→TK-1302  蓝底白字、字体微软雅黑","贴纸（户外防水型）","件",7,null,"否"]
[343,null,null,"长50cm×宽20cm，内容：P-1302→TK-1302  蓝底白字、字体微软雅黑","贴纸（户外防水型）","件",7,null,"否"]
[344,null,null,"长50cm×宽20cm，内容：燃料油→TK-1302  蓝底白字、字体微软雅黑","贴纸（户外防水型）","件",7,null,"否"]
[345,null,null,"长50cm×宽20cm，内容：TK-1302→燃料油泵进料线  蓝底白字、字体微软雅黑","贴纸（户外防水型）","件",7,null,"否"]
[346,null,null,"长50cm×宽20cm，内容：TK-1302→罐底油泵进料线  蓝底白字、字体微软雅黑","贴纸（户外防水型）","件",7,null,"否"]
[347,null,null,"长50cm×宽20cm，内容：TK-1302→P-1303  蓝底白字、字体微软雅黑","贴纸（户外防水型）","件",7,null,"否"]
[348,null,null,"长50cm×宽20cm，内容：TK-1302→P-1302  蓝底白字、字体微软雅黑","贴纸（户外防水型）","件",7,null,"否"]
[349,null,null,"长24cm×宽12cm，内容：TK-1302→P-1301  蓝底白字、字体微软雅黑","贴纸（户外防水型）","件",7,null,"否"]
[350,null,null,"长50cm×宽20cm，内容：P-1302→TK-1302   蓝底白字、字体微软雅黑","贴纸（户外防水型）","件",7,null,"否"]
[351,null,null,"长50cm×宽20cm，内容：P-1303→TK-1302   蓝底白字、字体微软雅黑","贴纸（户外防水型）","件",7,null,"否"]
[352,null,null,"长50cm×宽20cm，内容：P-1302→TK-1302搅拌器  蓝底白字、字体微软雅黑","贴纸（户外防水型）","件",7,null,"否"]
[353,null,null,"长50cm×宽20cm，内容：蒸汽→TK-1302  蓝底白字、字体微软雅黑","贴纸（户外防水型）","件",7,null,"否"]
[354,null,null,"长50cm×宽20cm，内容：TK-1302→凝结水  蓝底白字、字体微软雅黑","贴纸（户外防水型）","件",7,null,"否"]
[355,null,"TK-1303","长50cm×宽20cm，内容：茂石化专管→TK-1303  蓝底白字、字体微软雅黑","贴纸（户外防水型）","件",7,null,"否"]
[356,null,null,"长50cm×宽20cm，内容：燃料油/P-1302→TK-1303  蓝底白字、字体微软雅黑","贴纸（户外防水型）","件",7,null,"否"]
[357,null,null,"长50cm×宽20cm，内容：P-1302→TK-1303  蓝底白字、字体微软雅黑","贴纸（户外防水型）","件",7,null,"否"]
[358,null,null,"长50cm×宽20cm，内容：燃料油→TK-1303  蓝底白字、字体微软雅黑","贴纸（户外防水型）","件",7,null,"否"]
[359,null,null,"长50cm×宽20cm，内容：TK-1303→燃料油泵进料线  蓝底白字、字体微软雅黑","贴纸（户外防水型）","件",7,null,"否"]
[360,null,null,"长50cm×宽20cm，内容：TK-1303→罐底油泵进料线  蓝底白字、字体微软雅黑","贴纸（户外防水型）","件",7,null,"否"]
[361,null,null,"长50cm×宽20cm，内容：TK-1303→P-1303  蓝底白字、字体微软雅黑","贴纸（户外防水型）","件",7,null,"否"]
[362,null,null,"长50cm×宽20cm，内容：TK-1303→P-1302  蓝底白字、字体微软雅黑","贴纸（户外防水型）","件",7,null,"否"]
[363,null,null,"长24cm×宽12cm，内容：TK-1303→P-1301  蓝底白字、字体微软雅黑","贴纸（户外防水型）","件",7,null,"否"]
[364,null,null,"长50cm×宽20cm，内容：P-1302→TK-1303   蓝底白字、字体微软雅黑","贴纸（户外防水型）","件",7,null,"否"]
[365,null,null,"长50cm×宽20cm，内容：P-1302→TK-1303搅拌器  蓝底白字、字体微软雅黑","贴纸（户外防水型）","件",7,null,"否"]
[366,null,null,"长50cm×宽20cm，内容：蒸汽→TK-1303  蓝底白字、字体微软雅黑","贴纸（户外防水型）","件",7,null,"否"]
[367,null,null,"长50cm×宽20cm，内容：TK-1303→凝结水  蓝底白字、字体微软雅黑","贴纸（户外防水型）","件",7,null,"否"]
[368,"化工罐组一工艺标识","TK-2101","长60cm×宽20cm，内容：交换站→TK-2101(兼倒罐线→交换站）  蓝底白字、字体微软雅黑","贴纸（户外防水型）","件",7,null,"否"]
[369,null,null,"长50cm×宽20cm，内容：交换站→TK-2101  蓝底白字、字体微软雅黑","贴纸（户外防水型）","件",6,null,"否"]
[370,null,null,"长50cm×宽20cm，内容：TK-2101→P-2101  蓝底白字、字体微软雅黑","贴纸（户外防水型）","件",7,null,"否"]
[371,null,null,"长50cm×宽20cm，内容：P-2101→装车台  蓝底白字、字体微软雅黑","贴纸（户外防水型）","件",7,null,"否"]
[372,null,null,"长50cm×宽20cm，内容：P-2101→倒罐线  蓝底白字、字体微软雅黑","贴纸（户外防水型）","件",7,null,"否"]
[373,null,null,"长50cm×宽20cm，内容：TK-2101→P-2117 蓝底白字、字体微软雅黑","贴纸（户外防水型）","件",6,null,"否"]
[374,null,null,"长24cm×宽12cm，内容：氮气→TK-2101 蓝底白字、字体微软雅黑","贴纸（户外防水型）","件",7,null,"否"]
[375,null,null,"长50cm×宽20cm，内容：TK-2101→油气回收总管  蓝底白字、字体微软雅黑","贴纸（户外防水型）","件",6,null,"否"]
[376,null,"TK-2102","长60cm×宽20cm，内容：交换站→TK-2102(兼倒罐线→交换站）  蓝底白字、字体微软雅黑","贴纸（户外防水型）","件",7,null,"否"]
[377,null,null,"长50cm×宽20cm，内容：交换站→TK-2102  蓝底白字、字体微软雅黑","贴纸（户外防水型）","件",6,null,"否"]
[378,null,null,"长50cm×宽20cm，内容：TK-2102→P-2102  蓝底白字、字体微软雅黑","贴纸（户外防水型）","件",7,null,"否"]
[379,null,null,"长50cm×宽20cm，内容：P-2102→装车台  蓝底白字、字体微软雅黑","贴纸（户外防水型）","件",7,null,"否"]
[380,null,null,"长50cm×宽20cm，内容：P-2102→倒罐线  蓝底白字、字体微软雅黑","贴纸（户外防水型）","件",7,null,"否"]
[381,null,null,"长50cm×宽20cm，内容：TK-2102→P-2117 蓝底白字、字体微软雅黑","贴纸（户外防水型）","件",6,null,"否"]
[382,null,null,"长24cm×宽12cm，内容：氮气→TK-2102 蓝底白字、字体微软雅黑","贴纸（户外防水型）","件",7,null,"否"]
[383,null,null,"长50cm×宽20cm，内容：TK-2102→油气回收总管  蓝底白字、字体微软雅黑","贴纸（户外防水型）","件",6,null,"否"]
[384,null,"TK-2103","长60cm×宽20cm，内容：交换站→TK-2103(兼倒罐线→交换站）  蓝底白字、字体微软雅黑","贴纸（户外防水型）","件",7,null,"否"]
[385,null,null,"长50cm×宽20cm，内容：交换站→TK-2103  蓝底白字、字体微软雅黑","贴纸（户外防水型）","件",6,null,"否"]
[386,null,null,"长50cm×宽20cm，内容：TK-2103→P-2103  蓝底白字、字体微软雅黑","贴纸（户外防水型）","件",7,null,"否"]
[387,null,null,"长50cm×宽20cm，内容：P-2103→装车台  蓝底白字、字体微软雅黑","贴纸（户外防水型）","件",7,null,"否"]
[388,null,null,"长50cm×宽20cm，内容：P-2103→倒罐线  蓝底白字、字体微软雅黑","贴纸（户外防水型）","件",7,null,"否"]
[389,null,null,"长50cm×宽20cm，内容：TK-2103→P-2117 蓝底白字、字体微软雅黑","贴纸（户外防水型）","件",6,null,"否"]
[390,null,null,"长24cm×宽12cm，内容：氮气→TK-2103 蓝底白字、字体微软雅黑","贴纸（户外防水型）","件",7,null,"否"]
[391,null,null,"长50cm×宽20cm，内容：TK-2103→油气回收总管  蓝底白字、字体微软雅黑","贴纸（户外防水型）","件",6,null,"否"]
[392,null,"TK-2104","长60cm×宽20cm，内容：交换站→TK-2104(兼倒罐线→交换站）  蓝底白字、字体微软雅黑","贴纸（户外防水型）","件",7,null,"否"]
[393,null,null,"长50cm×宽20cm，内容：交换站→TK-2104  蓝底白字、字体微软雅黑","贴纸（户外防水型）","件",6,null,"否"]
[394,null,null,"长50cm×宽20cm，内容：TK-2104→P-2104  蓝底白字、字体微软雅黑","贴纸（户外防水型）","件",7,null,"否"]
[395,null,null,"长50cm×宽20cm，内容：P-2104→装车台  蓝底白字、字体微软雅黑","贴纸（户外防水型）","件",7,null,"否"]
[396,null,null,"长50cm×宽20cm，内容：P-2104→倒罐线  蓝底白字、字体微软雅黑","贴纸（户外防水型）","件",7,null,"否"]
[397,null,null,"长50cm×宽20cm，内容：TK-2104→P-2117 蓝底白字、字体微软雅黑","贴纸（户外防水型）","件",6,null,"否"]
[398,null,null,"长24cm×宽12cm，内容：氮气→TK-2104 蓝底白字、字体微软雅黑","贴纸（户外防水型）","件",7,null,"否"]
[399,null,null,"长50cm×宽20cm，内容：TK-2104→油气回收总管  蓝底白字、字体微软雅黑","贴纸（户外防水型）","件",7,null,"否"]
[400,null,"TK-2105","长60cm×宽20cm，内容：交换站→TK-2105(兼倒罐线→交换站）  蓝底白字、字体微软雅黑","贴纸（户外防水型）","件",7,null,"否"]
[401,null,null,"长50cm×宽20cm，内容：交换站→TK-2105  蓝底白字、字体微软雅黑","贴纸（户外防水型）","件",6,null,"否"]
[402,null,null,"长50cm×宽20cm，内容：TK-2105→P-2105  蓝底白字、字体微软雅黑","贴纸（户外防水型）","件",7,null,"否"]
[403,null,null,"长50cm×宽20cm，内容：P-2105→装车台  蓝底白字、字体微软雅黑","贴纸（户外防水型）","件",7,null,"否"]
[404,null,null,"长50cm×宽20cm，内容：P-2105→倒罐线  蓝底白字、字体微软雅黑","贴纸（户外防水型）","件",7,null,"否"]
[405,null,null,"长50cm×宽20cm，内容：TK-2105→P-2117 蓝底白字、字体微软雅黑","贴纸（户外防水型）","件",6,null,"否"]
[406,null,null,"长24cm×宽12cm，内容：氮气→TK-2105 蓝底白字、字体微软雅黑","贴纸（户外防水型）","件",7,null,"否"]
[407,null,null,"长50cm×宽20cm，内容：TK-2105→油气回收总管  蓝底白字、字体微软雅黑","贴纸（户外防水型）","件",6,null,"否"]
[408,null,"TK-2106","长60cm×宽20cm，内容：交换站→TK-2106(兼倒罐线→交换站）  蓝底白字、字体微软雅黑","贴纸（户外防水型）","件",7,null,"否"]
[409,null,null,"长50cm×宽20cm，内容：交换站→TK-2106  蓝底白字、字体微软雅黑","贴纸（户外防水型）","件",6,null,"否"]
[410,null,null,"长50cm×宽20cm，内容：TK-2106→P-2106  蓝底白字、字体微软雅黑","贴纸（户外防水型）","件",7,null,"否"]
[411,null,null,"长50cm×宽20cm，内容：P-2106→装车台  蓝底白字、字体微软雅黑","贴纸（户外防水型）","件",7,null,"否"]
[412,null,null,"长50cm×宽20cm，内容：P-2106→倒罐线  蓝底白字、字体微软雅黑","贴纸（户外防水型）","件",7,null,"否"]
[413,null,null,"长50cm×宽20cm，内容：TK-2106→P-2117 蓝底白字、字体微软雅黑","贴纸（户外防水型）","件",6,null,"否"]
[414,null,null,"长24cm×宽12cm，内容：氮气→TK-2106 蓝底白字、字体微软雅黑","贴纸（户外防水型）","件",7,null,"否"]
[415,null,null,"长50cm×宽20cm，内容：TK-2106→油气回收总管  蓝底白字、字体微软雅黑","贴纸（户外防水型）","件",6,null,"否"]
[416,null,"TK-2107","长60cm×宽20cm，内容：交换站→TK-2107(兼倒罐线→交换站）  蓝底白字、字体微软雅黑","贴纸（户外防水型）","件",7,null,"否"]
[417,null,null,"长50cm×宽20cm，内容：交换站→TK-2107  蓝底白字、字体微软雅黑","贴纸（户外防水型）","件",6,null,"否"]
[418,null,null,"长50cm×宽20cm，内容：TK-2107→P-2107  蓝底白字、字体微软雅黑","贴纸（户外防水型）","件",7,null,"否"]
[419,null,null,"长50cm×宽20cm，内容：P-2107→装车台  蓝底白字、字体微软雅黑","贴纸（户外防水型）","件",7,null,"否"]
[420,null,null,"长50cm×宽20cm，内容：P-2107→倒罐线  蓝底白字、字体微软雅黑","贴纸（户外防水型）","件",7,null,"否"]
[421,null,null,"长50cm×宽20cm，内容：TK-2107→P-2117 蓝底白字、字体微软雅黑","贴纸（户外防水型）","件",7,null,"否"]
[422,null,null,"长24cm×宽12cm，内容：氮气→TK-2107 蓝底白字、字体微软雅黑","贴纸（户外防水型）","件",7,null,"否"]
[423,null,null,"长50cm×宽20cm，内容：TK-2107→油气回收总管  蓝底白字、字体微软雅黑","贴纸（户外防水型）","件",7,null,"否"]
[424,null,"TK-2108","长60cm×宽20cm，内容：交换站→TK-2108(兼倒罐线→交换站）  蓝底白字、字体微软雅黑","贴纸（户外防水型）","件",7,null,"否"]
[425,null,null,"长50cm×宽20cm，内容：交换站→TK-2108  蓝底白字、字体微软雅黑","贴纸（户外防水型）","件",7,null,"否"]
[426,null,null,"长50cm×宽20cm，内容：TK-2108→P-2108  蓝底白字、字体微软雅黑","贴纸（户外防水型）","件",7,null,"否"]
[427,null,null,"长50cm×宽20cm，内容：P-2108→装车台  蓝底白字、字体微软雅黑","贴纸（户外防水型）","件",7,null,"否"]
[428,null,null,"长50cm×宽20cm，内容：P-2108→倒罐线  蓝底白字、字体微软雅黑","贴纸（户外防水型）","件",7,null,"否"]
[429,null,null,"长50cm×宽20cm，内容：TK-2108→P-2117 蓝底白字、字体微软雅黑","贴纸（户外防水型）","件",6,null,"否"]
[430,null,null,"长24cm×宽12cm，内容：氮气→TK-2108 蓝底白字、字体微软雅黑","贴纸（户外防水型）","件",7,null,"否"]
[431,null,null,"长50cm×宽20cm，内容：TK-2108→油气回收总管  蓝底白字、字体微软雅黑","贴纸（户外防水型）","件",6,null,"否"]
[432,null,"TK-2109","长60cm×宽20cm，内容：交换站→TK-2109(兼倒罐线→交换站）  蓝底白字、字体微软雅黑","贴纸（户外防水型）","件",7,null,"否"]
[433,null,null,"长50cm×宽20cm，内容：交换站→TK-2109  蓝底白字、字体微软雅黑","贴纸（户外防水型）","件",6,null,"否"]
[434,null,null,"长50cm×宽20cm，内容：TK-2109→P-2109  蓝底白字、字体微软雅黑","贴纸（户外防水型）","件",7,null,"否"]
[435,null,null,"长50cm×宽20cm，内容：P-2109→装车台  蓝底白字、字体微软雅黑","贴纸（户外防水型）","件",7,null,"否"]
[436,null,null,"长50cm×宽20cm，内容：P-2109→倒罐线  蓝底白字、字体微软雅黑","贴纸（户外防水型）","件",7,null,"否"]
[437,null,null,"长50cm×宽20cm，内容：TK-2109→P-2117 蓝底白字、字体微软雅黑","贴纸（户外防水型）","件",6,null,"否"]
[438,null,null,"长24cm×宽12cm，内容：氮气→TK-2109 蓝底白字、字体微软雅黑","贴纸（户外防水型）","件",7,null,"否"]
[439,null,null,"长50cm×宽20cm，内容：TK-2109→油气回收总管  蓝底白字、字体微软雅黑","贴纸（户外防水型）","件",7,null,"否"]
[440,null,"TK-2110","长60cm×宽20cm，内容：交换站→TK-2110(兼倒罐线→交换站）  蓝底白字、字体微软雅黑","贴纸（户外防水型）","件",6,null,"否"]
[441,null,null,"长50cm×宽20cm，内容：交换站→TK-2110  蓝底白字、字体微软雅黑","贴纸（户外防水型）","件",7,null,"否"]
[442,null,null,"长50cm×宽20cm，内容：TK-2110→P-2110  蓝底白字、字体微软雅黑","贴纸（户外防水型）","件",7,null,"否"]
[443,null,null,"长50cm×宽20cm，内容：P-2110→装车台  蓝底白字、字体微软雅黑","贴纸（户外防水型）","件",7,null,"否"]
[444,null,null,"长50cm×宽20cm，内容：P-2110→倒罐线  蓝底白字、字体微软雅黑","贴纸（户外防水型）","件",7,null,"否"]
[445,null,null,"长50cm×宽20cm，内容：TK-2110→P-2117 蓝底白字、字体微软雅黑","贴纸（户外防水型）","件",6,null,"否"]
[446,null,null,"长24cm×宽12cm，内容：氮气→TK-2110 蓝底白字、字体微软雅黑","贴纸（户外防水型）","件",7,null,"否"]
[447,null,null,"长50cm×宽20cm，内容：TK-2110→油气回收总管  蓝底白字、字体微软雅黑","贴纸（户外防水型）","件",6,null,"否"]
[448,null,"TK-2111","长60cm×宽20cm，内容：交换站→TK-2111(兼倒罐线→交换站）  蓝底白字、字体微软雅黑","贴纸（户外防水型）","件",7,null,"否"]
[449,null,null,"长50cm×宽20cm，内容：交换站→TK-2111  蓝底白字、字体微软雅黑","贴纸（户外防水型）","件",6,null,"否"]
[450,null,null,"长50cm×宽20cm，内容：TK-2111→P-2111  蓝底白字、字体微软雅黑","贴纸（户外防水型）","件",7,null,"否"]
[451,null,null,"长50cm×宽20cm，内容：P-2111→装车台  蓝底白字、字体微软雅黑","贴纸（户外防水型）","件",7,null,"否"]
[452,null,null,"长50cm×宽20cm，内容：P-2111→倒罐线  蓝底白字、字体微软雅黑","贴纸（户外防水型）","件",7,null,"否"]
[453,null,null,"长50cm×宽20cm，内容：TK-2111→P-2117 蓝底白字、字体微软雅黑","贴纸（户外防水型）","件",6,null,"否"]
[454,null,null,"长24cm×宽12cm，内容：氮气→TK-2111 蓝底白字、字体微软雅黑","贴纸（户外防水型）","件",7,null,"否"]
[455,null,null,"长50cm×宽20cm，内容：TK-2111→油气回收总管  蓝底白字、字体微软雅黑","贴纸（户外防水型）","件",6,null,"否"]
[456,null,"TK-2112","长60cm×宽20cm，内容：交换站→TK-2112(兼倒罐线→交换站）  蓝底白字、字体微软雅黑","贴纸（户外防水型）","件",7,null,"否"]
[457,null,null,"长50cm×宽20cm，内容：交换站→TK-2112  蓝底白字、字体微软雅黑","贴纸（户外防水型）","件",6,null,"否"]
[458,null,null,"长50cm×宽20cm，内容：TK-2112→P-2112  蓝底白字、字体微软雅黑","贴纸（户外防水型）","件",7,null,"否"]
[459,null,null,"长50cm×宽20cm，内容：P-2112→装车台  蓝底白字、字体微软雅黑","贴纸（户外防水型）","件",7,null,"否"]
[460,null,null,"长50cm×宽20cm，内容：P-2112→倒罐线  蓝底白字、字体微软雅黑","贴纸（户外防水型）","件",7,null,"否"]
[461,null,null,"长50cm×宽20cm，内容：TK-2112→P-2117 蓝底白字、字体微软雅黑","贴纸（户外防水型）","件",6,null,"否"]
[462,null,null,"长24cm×宽12cm，内容：氮气→TK-2112 蓝底白字、字体微软雅黑","贴纸（户外防水型）","件",7,null,"否"]
[463,null,null,"长50cm×宽20cm，内容：TK-2112→油气回收总管  蓝底白字、字体微软雅黑","贴纸（户外防水型）","件",6,null,"否"]
[464,null,"TK-2113","长60cm×宽20cm，内容：交换站→TK-2113(兼倒罐线→交换站）  蓝底白字、字体微软雅黑","贴纸（户外防水型）","件",7,null,"否"]
[465,null,null,"长50cm×宽20cm，内容：交换站→TK-2113  蓝底白字、字体微软雅黑","贴纸（户外防水型）","件",6,null,"否"]
[466,null,null,"长50cm×宽20cm，内容：TK-2113→P-2113  蓝底白字、字体微软雅黑","贴纸（户外防水型）","件",7,null,"否"]
[467,null,null,"长50cm×宽20cm，内容：P-2113→装车台  蓝底白字、字体微软雅黑","贴纸（户外防水型）","件",7,null,"否"]
[468,null,null,"长50cm×宽20cm，内容：P-2113→倒罐线  蓝底白字、字体微软雅黑","贴纸（户外防水型）","件",7,null,"否"]
[469,null,null,"长50cm×宽20cm，内容：TK-2113→P-2117 蓝底白字、字体微软雅黑","贴纸（户外防水型）","件",6,null,"否"]
[470,null,null,"长24cm×宽12cm，内容：氮气→TK-2113 蓝底白字、字体微软雅黑","贴纸（户外防水型）","件",7,null,"否"]
[471,null,null,"长50cm×宽20cm，内容：TK-2113→油气回收总管  蓝底白字、字体微软雅黑","贴纸（户外防水型）","件",6,null,"否"]
[472,null,"TK-2114","长60cm×宽20cm，内容：交换站→TK-2114(兼倒罐线→交换站）  蓝底白字、字体微软雅黑","贴纸（户外防水型）","件",7,null,"否"]
[473,null,null,"长50cm×宽20cm，内容：交换站→TK-2114  蓝底白字、字体微软雅黑","贴纸（户外防水型）","件",6,null,"否"]
[474,null,null,"长50cm×宽20cm，内容：TK-2114→P-2114  蓝底白字、字体微软雅黑","贴纸（户外防水型）","件",7,null,"否"]
[475,null,null,"长50cm×宽20cm，内容：P-2114→装车台  蓝底白字、字体微软雅黑","贴纸（户外防水型）","件",7,null,"否"]
[476,null,null,"长50cm×宽20cm，内容：P-2114→倒罐线  蓝底白字、字体微软雅黑","贴纸（户外防水型）","件",7,null,"否"]
[477,null,null,"长50cm×宽20cm，内容：TK-2114→P-2117 蓝底白字、字体微软雅黑","贴纸（户外防水型）","件",6,null,"否"]
[478,null,null,"长24cm×宽12cm，内容：氮气→TK-2114 蓝底白字、字体微软雅黑","贴纸（户外防水型）","件",7,null,"否"]
[479,null,null,"长50cm×宽20cm，内容：TK-2114→油气回收总管  蓝底白字、字体微软雅黑","贴纸（户外防水型）","件",6,null,"否"]
[480,null,"TK-2115","长60cm×宽20cm，内容：交换站→TK-2115(兼倒罐线→交换站）  蓝底白字、字体微软雅黑","贴纸（户外防水型）","件",7,null,"否"]
[481,null,null,"长50cm×宽20cm，内容：交换站→TK-2115  蓝底白字、字体微软雅黑","贴纸（户外防水型）","件",6,null,"否"]
[482,null,null,"长50cm×宽20cm，内容：TK-2115→P-2115  蓝底白字、字体微软雅黑","贴纸（户外防水型）","件",7,null,"否"]
[483,null,null,"长50cm×宽20cm，内容：P-2115→装车台  蓝底白字、字体微软雅黑","贴纸（户外防水型）","件",7,null,"否"]
[484,null,null,"长50cm×宽20cm，内容：P-2115→倒罐线  蓝底白字、字体微软雅黑","贴纸（户外防水型）","件",7,null,"否"]
[485,null,null,"长50cm×宽20cm，内容：TK-2115→P-2117 蓝底白字、字体微软雅黑","贴纸（户外防水型）","件",6,null,"否"]
[486,null,null,"长24cm×宽12cm，内容：氮气→TK-2115 蓝底白字、字体微软雅黑","贴纸（户外防水型）","件",7,null,"否"]
[487,null,null,"长50cm×宽20cm，内容：TK-2115→油气回收总管  蓝底白字、字体微软雅黑","贴纸（户外防水型）","件",6,null,"否"]
[488,null,"TK-2116","长60cm×宽20cm，内容：交换站→TK-2116(兼倒罐线→交换站）  蓝底白字、字体微软雅黑","贴纸（户外防水型）","件",7,null,"否"]
[489,null,null,"长50cm×宽20cm，内容：交换站→TK-2116  蓝底白字、字体微软雅黑","贴纸（户外防水型）","件",6,null,"否"]
[490,null,null,"长50cm×宽20cm，内容：TK-2116→P-2116  蓝底白字、字体微软雅黑","贴纸（户外防水型）","件",7,null,"否"]
[491,null,null,"长50cm×宽20cm，内容：P-2116→装车台  蓝底白字、字体微软雅黑","贴纸（户外防水型）","件",7,null,"否"]
[492,null,null,"长50cm×宽20cm，内容：P-2116→倒罐线  蓝底白字、字体微软雅黑","贴纸（户外防水型）","件",7,null,"否"]
[493,null,null,"长50cm×宽20cm，内容：TK-2116→P-2117 蓝底白字、字体微软雅黑","贴纸（户外防水型）","件",6,null,"否"]
[494,null,null,"长24cm×宽12cm，内容：氮气→TK-2116 蓝底白字、字体微软雅黑","贴纸（户外防水型）","件",7,null,"否"]
[495,null,null,"长50cm×宽20cm，内容：TK-2116→油气回收总管  蓝底白字、字体微软雅黑","贴纸（户外防水型）","件",5,null,"否"]
[496,null,"抽底油泵","长50cm×宽20cm，内容：抽底油总管→P-2117  蓝底白字、字体微软雅黑","贴纸（户外防水型）","件",5,null,"否"]
[497,null,null,"长50cm×宽20cm，内容：P-2117→交换站  蓝底白字、字体微软雅黑","贴纸（户外防水型）","件",6,null,"否"]
[498,null,"V-2101","长24cm×宽12cm，内容：V-2101→P-2118  蓝底白字、字体微软雅黑","贴纸（户外防水型）","件",5,null,"否"]
[499,null,null,"长24cm×宽12cm，内容：P-2118→装车外运  蓝底白字、字体微软雅黑","贴纸（户外防水型）","件",5,null,"否"]
[500,"化工罐组二工艺标识","TK-2201","长60cm×宽20cm，内容：交换站→TK-2201(兼倒罐线→交换站）  蓝底白字、字体微软雅黑","贴纸（户外防水型）","件",7,null,"否"]
[501,null,null,"长50cm×宽20cm，内容：交换站→TK-2201  蓝底白字、字体微软雅黑","贴纸（户外防水型）","件",6,null,"否"]
[502,null,null,"长50cm×宽20cm，内容：TK-2201→P-2201  蓝底白字、字体微软雅黑","贴纸（户外防水型）","件",7,null,"否"]
[503,null,null,"长50cm×宽20cm，内容：P-2201→装车台  蓝底白字、字体微软雅黑","贴纸（户外防水型）","件",7,null,"否"]
[504,null,null,"长50cm×宽20cm，内容：P-2201→倒罐线  蓝底白字、字体微软雅黑","贴纸（户外防水型）","件",7,null,"否"]
[505,null,null,"长50cm×宽20cm，内容：TK-2201→P-2211 蓝底白字、字体微软雅黑","贴纸（户外防水型）","件",7,null,"否"]
[506,null,null,"长24cm×宽12cm，内容：氮气→TK-2201 蓝底白字、字体微软雅黑","贴纸（户外防水型）","件",7,null,"否"]
[507,null,"TK-2202","长60cm×宽20cm，内容：交换站→TK-2202(兼倒罐线→交换站）  蓝底白字、字体微软雅黑","贴纸（户外防水型）","件",7,null,"否"]
[508,null,null,"长50cm×宽20cm，内容：交换站→TK-2202  蓝底白字、字体微软雅黑","贴纸（户外防水型）","件",7,null,"否"]
[509,null,null,"长50cm×宽20cm，内容：TK-2202→P-2202  蓝底白字、字体微软雅黑","贴纸（户外防水型）","件",7,null,"否"]
[510,null,null,"长50cm×宽20cm，内容：P-2202→装车台  蓝底白字、字体微软雅黑","贴纸（户外防水型）","件",7,null,"否"]
[511,null,null,"长50cm×宽20cm，内容：P-2202→倒罐线  蓝底白字、字体微软雅黑","贴纸（户外防水型）","件",7,null,"否"]
[512,null,null,"长50cm×宽20cm，内容：TK-2202→P-2211 蓝底白字、字体微软雅黑","贴纸（户外防水型）","件",6,null,"否"]
[513,null,null,"长24cm×宽12cm，内容：氮气→TK-2202 蓝底白字、字体微软雅黑","贴纸（户外防水型）","件",7,null,"否"]
[514,null,"TK-2203","长60cm×宽20cm，内容：交换站→TK-2203(兼倒罐线→交换站）  蓝底白字、字体微软雅黑","贴纸（户外防水型）","件",7,null,"否"]
[515,null,null,"长50cm×宽20cm，内容：交换站→TK-2203  蓝底白字、字体微软雅黑","贴纸（户外防水型）","件",6,null,"否"]
[516,null,null,"长50cm×宽20cm，内容：TK-2203→P-2203  蓝底白字、字体微软雅黑","贴纸（户外防水型）","件",7,null,"否"]
[517,null,null,"长50cm×宽20cm，内容：P-2203→装车台  蓝底白字、字体微软雅黑","贴纸（户外防水型）","件",7,null,"否"]
[518,null,null,"长50cm×宽20cm，内容：P-2203→倒罐线  蓝底白字、字体微软雅黑","贴纸（户外防水型）","件",7,null,"否"]
[519,null,null,"长50cm×宽20cm，内容：TK-2203→P-2211 蓝底白字、字体微软雅黑","贴纸（户外防水型）","件",6,null,"否"]
[520,null,"TK-2204","长60cm×宽20cm，内容：交换站→TK-2204(兼倒罐线→交换站）  蓝底白字、字体微软雅黑","贴纸（户外防水型）","件",7,null,"否"]
[521,null,null,"长50cm×宽20cm，内容：交换站→TK-2204  蓝底白字、字体微软雅黑","贴纸（户外防水型）","件",6,null,"否"]
[522,null,null,"长50cm×宽20cm，内容：TK-2204→P-2204  蓝底白字、字体微软雅黑","贴纸（户外防水型）","件",7,null,"否"]
[523,null,null,"长50cm×宽20cm，内容：P-2204→装车台  蓝底白字、字体微软雅黑","贴纸（户外防水型）","件",7,null,"否"]
[524,null,null,"长50cm×宽20cm，内容：P-2204→倒罐线  蓝底白字、字体微软雅黑","贴纸（户外防水型）","件",7,null,"否"]
[525,null,null,"长50cm×宽20cm，内容：TK-2204→P-2211 蓝底白字、字体微软雅黑","贴纸（户外防水型）","件",6,null,"否"]
[526,null,"TK-2205","长60cm×宽20cm，内容：交换站→TK-2205(兼倒罐线→交换站）  蓝底白字、字体微软雅黑","贴纸（户外防水型）","件",7,null,"否"]
[527,null,null,"长50cm×宽20cm，内容：交换站→TK-2205  蓝底白字、字体微软雅黑","贴纸（户外防水型）","件",6,null,"否"]
[528,null,null,"长50cm×宽20cm，内容：TK-2205→P-2205  蓝底白字、字体微软雅黑","贴纸（户外防水型）","件",7,null,"否"]
[529,null,null,"长50cm×宽20cm，内容：P-2205→装车台  蓝底白字、字体微软雅黑","贴纸（户外防水型）","件",7,null,"否"]
[530,null,null,"长50cm×宽20cm，内容：P-2205→倒罐线  蓝底白字、字体微软雅黑","贴纸（户外防水型）","件",7,null,"否"]
[531,null,null,"长50cm×宽20cm，内容：TK-2205→P-2211 蓝底白字、字体微软雅黑","贴纸（户外防水型）","件",6,null,"否"]
[532,null,"TK-2206","长60cm×宽20cm，内容：交换站→TK-2206(兼倒罐线→交换站）  蓝底白字、字体微软雅黑","贴纸（户外防水型）","件",7,null,"否"]
[533,null,null,"长50cm×宽20cm，内容：交换站→TK-2206  蓝底白字、字体微软雅黑","贴纸（户外防水型）","件",6,null,"否"]
[534,null,null,"长50cm×宽20cm，内容：TK-2206→P-2206  蓝底白字、字体微软雅黑","贴纸（户外防水型）","件",7,null,"否"]
[535,null,null,"长50cm×宽20cm，内容：P-2206→装车台  蓝底白字、字体微软雅黑","贴纸（户外防水型）","件",7,null,"否"]
[536,null,null,"长50cm×宽20cm，内容：P-2206→倒罐线  蓝底白字、字体微软雅黑","贴纸（户外防水型）","件",7,null,"否"]
[537,null,null,"长50cm×宽20cm，内容：TK-2206→P-2211 蓝底白字、字体微软雅黑","贴纸（户外防水型）","件",6,null,"否"]
[538,null,null,"长24cm×宽12cm，内容：氮气→TK-2206 蓝底白字、字体微软雅黑","贴纸（户外防水型）","件",7,null,"否"]
[539,null,null,"长50cm×宽20cm，内容：TK-2206→油气回收总管  蓝底白字、字体微软雅黑","贴纸（户外防水型）","件",6,null,"否"]
[540,null,"TK-2207","长60cm×宽20cm，内容：交换站→TK-2207(兼倒罐线→交换站）  蓝底白字、字体微软雅黑","贴纸（户外防水型）","件",7,null,"否"]
[541,null,null,"长50cm×宽20cm，内容：交换站→TK-2207  蓝底白字、字体微软雅黑","贴纸（户外防水型）","件",6,null,"否"]
[542,null,null,"长50cm×宽20cm，内容：TK-2207→P-2207  蓝底白字、字体微软雅黑","贴纸（户外防水型）","件",7,null,"否"]
[543,null,null,"长50cm×宽20cm，内容：P-2207→装车台  蓝底白字、字体微软雅黑","贴纸（户外防水型）","件",7,null,"否"]
[544,null,null,"长50cm×宽20cm，内容：P-2207→倒罐线  蓝底白字、字体微软雅黑","贴纸（户外防水型）","件",7,null,"否"]
[545,null,null,"长50cm×宽20cm，内容：TK-2207→P-2211 蓝底白字、字体微软雅黑","贴纸（户外防水型）","件",6,null,"否"]
[546,null,null,"长24cm×宽12cm，内容：氮气→TK-2207 蓝底白字、字体微软雅黑","贴纸（户外防水型）","件",7,null,"否"]
[547,null,null,"长50cm×宽20cm，内容：TK-2207→油气回收总管  蓝底白字、字体微软雅黑","贴纸（户外防水型）","件",7,null,"否"]
[548,null,"TK-2208","长60cm×宽20cm，内容：交换站→TK-2208(兼倒罐线→交换站）  蓝底白字、字体微软雅黑","贴纸（户外防水型）","件",7,null,"否"]
[549,null,null,"长50cm×宽20cm，内容：交换站→TK-2208  蓝底白字、字体微软雅黑","贴纸（户外防水型）","件",7,null,"否"]
[550,null,null,"长50cm×宽20cm，内容：TK-2208→P-2208  蓝底白字、字体微软雅黑","贴纸（户外防水型）","件",7,null,"否"]
[551,null,null,"长50cm×宽20cm，内容：P-2208→装车台  蓝底白字、字体微软雅黑","贴纸（户外防水型）","件",7,null,"否"]
[552,null,null,"长50cm×宽20cm，内容：P-2208→倒罐线  蓝底白字、字体微软雅黑","贴纸（户外防水型）","件",7,null,"否"]
[553,null,null,"长50cm×宽20cm，内容：TK-2208→P-2211 蓝底白字、字体微软雅黑","贴纸（户外防水型）","件",7,null,"否"]
[554,null,null,"长24cm×宽12cm，内容：氮气→TK-2208 蓝底白字、字体微软雅黑","贴纸（户外防水型）","件",7,null,"否"]
[555,null,null,"长50cm×宽20cm，内容：TK-2208→油气回收总管  蓝底白字、字体微软雅黑","贴纸（户外防水型）","件",7,null,"否"]
[556,null,"TK-2209","长60cm×宽20cm，内容：交换站→TK-2209(兼倒罐线→交换站）  蓝底白字、字体微软雅黑","贴纸（户外防水型）","件",7,null,"否"]
[557,null,null,"长50cm×宽20cm，内容：交换站→TK-2209  蓝底白字、字体微软雅黑","贴纸（户外防水型）","件",7,null,"否"]
[558,null,null,"长50cm×宽20cm，内容：TK-2209→P-2209  蓝底白字、字体微软雅黑","贴纸（户外防水型）","件",7,null,"否"]
[559,null,null,"长50cm×宽20cm，内容：P-2209→装车台  蓝底白字、字体微软雅黑","贴纸（户外防水型）","件",7,null,"否"]
[560,null,null,"长50cm×宽20cm，内容：P-2209→倒罐线  蓝底白字、字体微软雅黑","贴纸（户外防水型）","件",7,null,"否"]
[561,null,null,"长50cm×宽20cm，内容：TK-2209→P-2211 蓝底白字、字体微软雅黑","贴纸（户外防水型）","件",7,null,"否"]
[562,null,null,"长24cm×宽12cm，内容：氮气→TK-2209 蓝底白字、字体微软雅黑","贴纸（户外防水型）","件",7,null,"否"]
[563,null,null,"长50cm×宽20cm，内容：TK-2209→油气回收总管  蓝底白字、字体微软雅黑","贴纸（户外防水型）","件",7,null,"否"]
[564,null,"TK-2210","长50cm×宽20cm，内容：交换站→TK-2210  蓝底白字、字体微软雅黑","贴纸（户外防水型）","件",7,null,"否"]
[565,null,null,"长50cm×宽20cm，内容：TK-2210→P-2210  蓝底白字、字体微软雅黑","贴纸（户外防水型）","件",7,null,"否"]
[566,null,null,"长50cm×宽20cm，内容：P-2210→装车台  蓝底白字、字体微软雅黑","贴纸（户外防水型）","件",7,null,"否"]
[567,null,null,"长50cm×宽20cm，内容：P-2210→倒罐线  蓝底白字、字体微软雅黑","贴纸（户外防水型）","件",7,null,"否"]
[568,null,null,"长50cm×宽20cm，内容：TK-2210→P-2211 蓝底白字、字体微软雅黑","贴纸（户外防水型）","件",7,null,"否"]
[569,null,null,"长24cm×宽12cm，内容：氮气→TK-2210 蓝底白字、字体微软雅黑","贴纸（户外防水型）","件",7,null,"否"]
[570,null,null,"长50cm×宽20cm，内容：TK-2210→油气回收总管  蓝底白字、字体微软雅黑","贴纸（户外防水型）","件",8,null,"否"]
[571,null,"抽底油泵","长50cm×宽20cm，内容：抽底油总管→P-2211 蓝底白字、字体微软雅黑","贴纸（户外防水型）","件",8,null,"否"]
[572,null,null,"长50cm×宽20cm，内容：P-2211→交换站  蓝底白字、字体微软雅黑","贴纸（户外防水型）","件",8,null,"否"]
[573,null,"V-2201","长24cm×宽12cm，内容：V-2201→P-2212  蓝底白字、字体微软雅黑","贴纸（户外防水型）","件",8,null,"否"]
[574,null,null,"长24cm×宽12cm，内容：P-2212→装车外运  蓝底白字、字体微软雅黑","贴纸（户外防水型）","件",8,null,"否"]
[575,"公用工程","公用管线","长24cm×宽12cm，内容：0.6Mpa氮气  蓝底白字、字体微软雅黑","贴纸（户外防水型）","件",200,null,"否"]
[576,null,null,"长50cm×宽20cm，内容：0.9Mpa氮气  蓝底白字、字体微软雅黑","贴纸（户外防水型）","件",150,null,"否"]
[577,null,null,"长50cm×宽20cm，内容：化工品油气  蓝底白字、字体微软雅黑","贴纸（户外防水型）","件",100,null,"否"]
[578,null,null,"长50cm×宽20cm，内容：油品油气    蓝底白字、字体微软雅黑","贴纸（户外防水型）","件",100,null,"否"]
[579,null,null,"长50cm×宽20cm，内容：蒸汽    蓝底白字、字体微软雅黑","贴纸（户外防水型）","件",50,null,"否"]
[580,null,null,"长24cm×宽12cm，内容：蒸汽  蓝底白字、字体微软雅黑","贴纸（户外防水型）","件",30,null,"否"]
[581,null,null,"长24cm×宽12cm，内容：凝结水  蓝底白字、字体微软雅黑","贴纸（户外防水型）","件",60,null,"否"]
[582,null,null,"长24cm×宽12cm，内容：工业水  蓝底白字、字体微软雅黑","贴纸（户外防水型）","件",100,null,"否"]
[583,null,null,"长24cm×宽12cm，内容：生活水  蓝底白字、字体微软雅黑","贴纸（户外防水型）","件",100,null,"否"]
[584,null,null,"长24cm×宽12cm，内容：回用水  蓝底白字、字体微软雅黑","贴纸（户外防水型）","件",100,null,"否"]
[585,null,null,"长15cm×宽5cm，内容：污油→地下污油罐  蓝底白字、字体微软雅黑","贴纸（户外防水型）","件",600,null,"否"]
[586,null,null,"长24cm×宽12cm，内容：污水→OD池  蓝底白字、字体微软雅黑","贴纸（户外防水型）","件",300,null,"否"]
[587,"挂墙工艺流程图（分片区）",null,"长2000mm×宽1500mm，亚克力板+UV喷漆，白底黑字，内容：工艺流程图，安装模式：挂墙","亚克力板打印","件",2,"中央控制室、交接班室","是"]
[588,"办公区门牌",null,"长350mm×宽250mm，亚克力板+UV喷漆，内容：门牌，安装模式：挂墙","亚克力板打印","件",15,"中央控制室、交接班室、男女更衣室、男女厕所","是"]
[589,"定制遮光卷帘",null,"遮光窗帘布，长度根据个窗帘尺寸进行定制，要求带印刷公司logo和图案文字（定制，样式现场交底），带安装",null,"平方米",700,"业务大厅一层/二层、化工码头外操室、库区中控室、交接班室、女更衣室窗帘用。","是"]
[590,"定制办公桌",null,"长×宽×高=1.4m×0.6m×0.75m；生态板，包含五金，(实际尺寸根据现场定制，具体内容交底）",null,"个",3,"业务大厅业务窗口用","是"]
[591,"岗位职责",null,"长1000mm×宽600mm，亚克力板+UV喷漆，白底黑字，内容：岗位职责，安装模式：挂墙+射灯","亚克力板印刷","件",5,"码头中央控制室、库区中央控制室、码头外操室、库区外操室、地磅室、","是"]
[592,"定制班组及公用物资柜",null,"长×宽×高=10m×0.6m×0.75m；生态板，包含五金，(实际尺寸根据现场定制，具体内容交底）",null,"个",1,"业务大厅业务窗口用","是"]
[593,"定制班组及公用物资柜",null,"长×宽×高=15m×0.6m×0.75m；生态板，包含五金，(实际尺寸根据现场定制，具体内容交底）",null,"个",2,"库区中控室、交接班室用","是"]
[594,"四停（水电氮汽）",null,"长1000mm×宽750mm，亚克力板+UV喷漆，白底黑字，内容：工艺参数表，安装模式：挂墙","亚克力板印刷","件",4,"库区中央控制室","是"]
[595,"挂墙工艺流程图",null,"长2000mm×宽1500mm，亚克力板+UV喷漆，白底黑字，内容：工艺流程图，安装模式：挂墙+射灯","亚克力板印刷","件",1,"库区中央控制室","是"]
[596,"挂墙工艺卡片",null,"长1000mm×宽750mm，亚克力板+UV喷漆，白底黑字，内容：工艺参数表，安装模式：挂墙+射灯","亚克力板印刷","件",2,"库区中央控制室","是"]
[597,"茂名港企业文化",null,"尺寸：长3000mm×宽1800mm（大概），亚克力板+UV喷漆，白底黑字，内容：交底，安装模式：挂墙+射灯","亚克力板印刷","件",8,"库区中央控制室外走廊","是"]
[598,"茂名港发展历程",null,"尺寸：长10000mm×宽1800mm（大概），亚克力板+UV喷漆，白底黑字，内容：交底，安装模式：挂墙+射灯","亚克力板印刷","件",1,"库区中央控制室外走廊","是"]
[599,"长兴石化智慧信息",null,"长3000mm×宽1500mm，亚克力板+UV喷漆，白底黑字，内容：交底，安装模式：挂墙+射灯","亚克力板印刷","件",5,"库区中央控制室","是"]
[600,"中控室内立柱标识",null,"长1500mm×宽70mm，亚克力板+UV喷漆，白底黑字，内容：交底，安装模式：挂墙+射灯","亚克力板印刷","件",2,"库区中央控制室","是"]
[601,"班组劳动竞赛展牌",null,"长2500mm×宽1500mm，亚克力板+UV喷漆，带插槽及插牌，白底黑字，内容：交底，安装模式：挂墙","亚克力板印刷","件",1,"交接班室","是"]
[602,"公告栏",null,"长1500mm×宽1500mm，亚克力板+UV喷漆，带纸卡槽，可插卡纸，白底黑字，内容：交底，安装模式：挂墙","亚克力板印刷","件",1,"交接班室","是"]
[603,"工会组织机构牌",null,"长2000mm×宽1500mm，亚克力板+UV喷漆，白底黑字，内容：交底，安装模式：挂墙","亚克力板印刷","件",1,"交接班室","是"]
[604,"党支部标牌",null,"长3000mm×宽1500mm，亚克力板+UV喷漆，白底黑字，内容：交底，安装模式：挂墙","亚克力板印刷","件",1,"交接班室","是"]
[605,"装车作业流程指示牌",null,"长1000mm×宽800mm，铝板+贴纸，贴纸为户内型贴纸；带包边；贴纸内容：车辆作业流程指示，具体排版交底","贴纸（户内型）","件",2,"司机休息室、业务大厅","是"]
[606,"自助办理装卸流程指南",null,"长1000mm×宽500mm，铝板+贴纸，贴纸为户内型，蓝底白字，带包边；内容：自助装车指南，安装模式：挂墙","贴纸（户内型）","件",6,"22平台、业务大厅（自助取还卡、自助考试、自助装车）","是"]
[607,"公司牌匾（业务大厅）",null,"长400mm×宽2000mm，铝板+贴纸，贴纸为户外防水型贴纸，蓝底白字，内容：长兴石化储运有限公司，安装模式：挂墙","铝板+贴纸（户外防水型）","件",3,"装车区门岗、22M平台门岗、\n业务大厅","是"]
[608,"集团logo及名称",null,"长8000mm×宽1000mm，贴纸，贴纸为户外防水型贴纸，蓝底白字，内容：集团logo及名称，安装模式：挂墙","贴纸（户外防水型）","张",2,"业务大厅窗口上方等","是"]